All Cities on a Map by Letter - B - Statistics

General Stats
  • This quiz has been taken 28 times
    25 since last reset
  • The average score is 169 of 4092
Answers on the Map
Answers color-coded by a green-red scale on the quiz's map according to % correct below.
 
Answer Stats
Country City population City % Correct
Fiji 18526 Ba
100%
India 146709 Bīr
100%
Sierra Leone 233684 Bo
100%
Vietnam 14401 Bo
100%
Iran 12971 Ben
95%
United Kingdom 2590363 Birmingham
95%
United States 778756 Birmingham
95%
United States 21612 Birmingham
95%
Italy 29523 Bra
95%
Switzerland 24464 Baar
90%
Indonesia 11858 Ban
90%
Montenegro 15868 Bar
90%
Ukraine 15337 Bar
90%
United States 22604 Bear
90%
Uzbekistan 14400 Bo‘ston
90%
United States 4355184 Boston
90%
United Kingdom 64600 Boston
90%
Philippines 14618 Boston
90%
Serbia 16263 Brus
90%
Iran 127396 Bam
80%
Spain 4800000 Barcelona
80%
Venezuela 815141 Barcelona
80%
Philippines 20987 Barcelona
80%
India 9787 Bāg
75%
Moldova 97930 Bălţi
75%
United States 2189589 Baltimore
75%
Nigeria 118121 Bama
75%
China 87000 Bama
75%
Mali 4227569 Bamako
75%
China 18522000 Beijing
75%
Lebanon 2421354 Beirut
75%
India 13535 Beur
75%
Iraq 6183000 Baghdad
70%
United Kingdom 51502 Barri
70%
United States 32830 Bell
70%
Germany 4679500 Berlin
70%
United States 9473 Berlin
70%
El Salvador 17787 Berlín
70%
Cameroon 95230 Bogo
70%
Philippines 88867 Bogo
70%
Uzbekistan 10700 Bog’ot
70%
United States 9110 Bogota
70%
Colombia 8034649 Bogotá
70%
Australia 2706966 Brisbane
70%
United States 15487 Buda
70%
Hungary 1686222 Budapest
70%
India 15386000 Bangalore
65%
India 14418 Barhi
65%
India 11497 Barhi
65%
India 10405 Barhi
65%
India 13111 Barhī
65%
Italy 316015 Bari
65%
India 62721 Bāri
65%
India 12712 Bāri
65%
United Kingdom 345006 Belfast
65%
Switzerland 134506 Bern
65%
United States 449428 Boise
65%
Chad 11120 Bol
65%
South Sudan 315351 Bor
65%
Russia 77320 Bor
65%
Turkey 41999 Bor
65%
Serbia 34159 Bor
65%
Belgium 1249597 Brussels
65%
Argentina 16710000 Buenos Aires
65%
Colombia 35197 Buenos Aires
65%
Brazil 12808 Buenos Aires
65%
Philippines 89164 Banga
60%
India 24827 Banga
60%
Angola 10354 Banga
60%
Philippines 40318 Bañga
60%
Brazil 51092 Barra
60%
Norway 291189 Bergen
60%
Netherlands 29715 Bergen
60%
Germany 13650 Bergen
60%
Netherlands 13108 Bergen
60%
Brazil 141742 Brasília
60%
Germany 22738 Burg
60%
Pakistan 33548 Bagh
55%
United States 12322 Baker
55%
United States 578542 Bakersfield
55%
Thailand 14542 Ban Du
55%
Thailand 15836 Ban Dung
55%
Indonesia 432557 Bandung
55%
Brazil 5328000 Belo Horizonte
55%
Congo (Kinshasa) 232000 Beni
55%
Nigeria 1780000 Benin City
55%
France 994920 Bordeaux
55%
Slovakia 475503 Bratislava
55%
Congo (Brazzaville) 2557100 Brazzaville
55%
United Kingdom 707412 Bristol
55%
United States 68737 Bristol
55%
United States 61129 Bristol
55%
United States 54153 Bristol
55%
United States 22317 Bristol
55%
United States 17024 Bristol
55%
Ukraine 37321 Bucha
55%
Romania 2412530 Bucharest
55%
United States 949547 Buffalo
55%
United States 16388 Buffalo
55%
Korea, South 3453198 Busan
55%
Netherlands 24792 Baarn
50%
Thailand 18007000 Bangkok
50%
United Kingdom 94092 Bath
50%
United States 11400 Bath
50%
United States 8801 Bath
50%
Serbia 1197714 Belgrade
50%
United States 11425 Belgrade
50%
Spain 775000 Bilbao
50%
Philippines 52155 Bato
45%
Philippines 21748 Bato
45%
United States 630063 Baton Rouge
45%
Philippines 67182 Bay
45%
Brazil 1280614 Belém
45%
Brazil 16401 Belém
45%
Germany 14255 Belm
45%
Belize 4000 Belmopan
45%
United States 113454 Bend
45%
United States 99060 Bismarck
45%
Guinea-Bissau 492004 Bissau
45%
South Africa 256185 Bloemfontein
45%
Sweden 24052 Boo
45%
Germany 577026 Bremen
45%
United States 921660 Bridgeport
45%
United States 9292 Bridgeport
45%
United Kingdom 134293 Brighton
45%
United States 41196 Brighton
45%
United States 36633 Brighton
45%
Canada 11844 Brighton
45%
United States 8769 Brighton
45%
United States 223416 Brownsville
45%
United States 16391 Brownsville
45%
United States 9634 Brownsville
45%
Turkey 3101833 Bursa
45%
Azerbaijan 2300500 Baku
40%
India 14450 Bāra
40%
India 10800 Bāra
40%
Colombia 1326588 Barranquilla
40%
Switzerland 173552 Basel
40%
Colombia 561955 Bello
40%
Libya 631555 Benghazi
40%
India 1798218 Bhopāl
40%
Italy 387971 Bologna
40%
United States 120121 Boulder
40%
Romania 12690 Brad
40%
Belarus 344470 Brest
40%
France 140993 Brest
40%
Barbados 110000 Bridgetown
40%
United States 13830 Bridgetown
40%
Czechia 400566 Brno
40%
Belgium 118509 Bruges
40%
France 20382 Bruges
40%
United States 105165 Burbank
40%
United States 28822 Burbank
40%
Canada 186948 Burlington
40%
United States 154504 Burlington
40%
United States 118409 Burlington
40%
United States 26223 Burlington
40%
United States 23981 Burlington
40%
United States 23800 Burlington
40%
United States 18090 Burlington
40%
United States 11021 Burlington
40%
United States 9637 Burlington
40%
United Kingdom 61011 Bangor
35%
United States 31663 Bangor
35%
United Kingdom 15060 Bangor
35%
Central African Republic 889231 Bangui
35%
Philippines 15019 Bangui
35%
Gambia, The 413397 Banjul
35%
India 15576 Belo
35%
Spain 17160 Berga
35%
United States 120223 Berkeley
35%
United States 44222 Berkeley
35%
South Africa 60779 Bethal
35%
Switzerland 55159 Biel/Bienne
35%
United States 133173 Billings
35%
Kyrgyzstan 1145044 Bishkek
35%
United Kingdom 139305 Blackpool
35%
Germany 335789 Bonn
35%
Portugal 181494 Braga
35%
Germany 17284 Brand
35%
United States 2736074 Brooklyn
35%
United States 11203 Brooklyn
35%
Poland 337666 Bydgoszcz
35%
India 293373 Bāli
30%
India 34561 Banda
30%
Brunei 50000 Bandar Seri Begawan
30%
Canada 154676 Barrie
30%
Turkey 452157 Batman
30%
United Kingdom 92407 Bedford
30%
United States 49191 Bedford
30%
United States 23580 Bedford
30%
United States 16807 Bedford
30%
United States 14343 Bedford
30%
United States 13824 Bedford
30%
United States 12960 Bedford
30%
United States 151199 Bellevue
30%
United States 64355 Bellevue
30%
France 57699 Bellevue
30%
United States 16255 Bellevue
30%
United States 77069 Bethlehem
30%
United States 35002 Bethlehem
30%
West Bank 28591 Bethlehem
30%
South Africa 16236 Bethlehem
30%
United Kingdom 117963 Blackburn
30%
United States 133107 Bloomington
30%
United States 107262 Bloomington
30%
United States 88838 Bloomington
30%
United States 24324 Bloomington
30%
China 95260 Boli
30%
United Kingdom 187503 Bournemouth
30%
Uzbekistan 9294 Bo‘z
30%
United Kingdom 293277 Bradford
30%
Canada 38128 Bradford
30%
Germany 551000 Braunschweig
30%
United States 23441 Brent
30%
Central African Republic 35204 Bria
30%
United States 73159 Brunswick
30%
United States 35284 Brunswick
30%
United States 22081 Brunswick
30%
United States 12531 Brunswick
30%
Burundi 1143202 Bujumbura
30%
United Kingdom 82002 Burnley
30%
Philippines 61493 Baao
25%
Taiwan 18000 Bade
25%
Bosnia and Herzegovina 185042 Banja Luka
25%
Brazil 19381 Barro
25%
France 20233 Beaune
25%
Pakistan 20119 Bela
25%
India 14094 Bela
25%
India 10273 Bela
25%
India 10028 Bela
25%
Belize 38500 Belize City
25%
Italy 119534 Bergamo
25%
Germany 338410 Bielefeld
25%
United States 98833 Boca Raton
25%
Norway 41720 Bodø
25%
United Kingdom 285372 Bolton
25%
Canada 26795 Bolton
25%
United States 20093 Bourne
25%
United Kingdom 17490 Bourne
25%
United States 63917 Bozeman
25%
Germany 73921 Brandenburg
25%
United States 116365 Brandon
25%
Canada 51313 Brandon
25%
United States 25352 Brandon
25%
United States 10996 Brandon
25%
United Kingdom 9208 Brandon
25%
United States 86169 Bryan
25%
United States 8664 Bryan
25%
Cameroon 131325 Buea
25%
Bulgaria 210284 Burgas
25%
United Kingdom 78729 Bury
25%
Serbia 6087 Bač
20%
Austria 26286 Baden
20%
Switzerland 19122 Baden
20%
Pakistan 117455 Badin
20%
Argentina 301572 Bahía Blanca
20%
Oman 85000 Bahlā’
20%
Hungary 32759 Baja
20%
Turkey 20521 Bala
20%
India 26985 Basi
20%
Guadeloupe 307 Basse-Terre
20%
Saint Kitts and Nevis 13220 Basseterre
20%
Australia 34303 Bathurst
20%
Canada 15985 Bathurst
20%
United States 97502 Beaverton
20%
Turkey 34449 Belen
20%
Nicaragua 16428 Belén
20%
Argentina 12252 Belén
20%
Paraguay 11359 Belén
20%
United States 128737 Bellingham
20%
United States 17160 Bellingham
20%
Australia 103034 Bendigo
20%
Angola 512886 Benguela
20%
India 624700 Bhilai
20%
Poland 294242 Białystok
20%
France 10352 Blain
20%
Germany 366385 Bochum
20%
Cuba 15055 Bolivia
20%
Congo (Kinshasa) 162521 Boma
20%
Norway 24272 Borre
20%
United States 102247 Bowling Green
20%
United States 30051 Bowling Green
20%
Romania 237589 Braşov
20%
Netherlands 184126 Breda
20%
Germany 114677 Bremerhaven
20%
Canada 11642 Brock
20%
United Kingdom 87889 Bromley
20%
Russia 373310 Bryansk
20%
Turkey 522404 Buca
20%
Colombia 893040 Bucaramanga
20%
Spain 175895 Burgos
20%
Philippines 26040 Burgos
20%
Philippines 23749 Burgos
20%
Philippines 12793 Burgos
20%
Philippines 10759 Burgos
20%
Philippines 9006 Burgos
20%
United States 34929 Butte
20%
Spain 150570 Badajoz
15%
Spain 227083 Badalona
15%
Germany 57420 Baden-Baden
15%
Pakistan 102253 Bahrain
15%
Belgium 22813 Balen
15%
Australia 116201 Ballarat
15%
United Kingdom 245199 Barnsley
15%
Venezuela 1240714 Barquisimeto
15%
United States 56998 Bartlett
15%
United States 40531 Bartlett
15%
Cambodia 130000 Battambang
15%
Indonesia 190184 Batu
15%
Georgia 169095 Batumi
15%
United States 62979 Bay City
15%
United States 17816 Bay City
15%
United States 146554 Beaumont
15%
United States 54817 Beaumont
15%
Canada 20888 Beaumont
15%
Haiti 12486 Beaumont
15%
France 10787 Beaumont
15%
India 4487379 Belāhi
15%
Mauritius 17605 Bel Air
15%
United States 10616 Bel Air
15%
Philippines 36007 Bel-Air
15%
Canada 75052 Belleville
15%
United States 41722 Belleville
15%
United States 37756 Belleville
15%
United States 27505 Belmont
15%
United States 27009 Belmont
15%
United States 15140 Belmont
15%
United States 9525 Belmont
15%
Armenia 9864 Berd
15%
Chad 14666 Béré
15%
Germany 112660 Bergisch Gladbach
15%
United States 15084 Berkley
15%
United States 10838 Berkley
15%
United States 10291 Berwick
15%
United States 42408 Beverly
15%
United States 49011 Biloxi
15%
Malawi 800264 Blantyre
15%
United Kingdom 39769 Blyth
15%
Burkina Faso 903887 Bobo-Dioulasso
15%
Sweden 16847 Boden
15%
United States 10996 Bolivar
15%
Colombia 44868 Bolívar
15%
Colombia 13954 Bolívar
15%
Colombia 11778 Bolívar
15%
Italy 106107 Bolzano
15%
India 11233 Bora
15%
Germany 118705 Bottrop
15%
Canada 656480 Brampton
15%
United Kingdom 9421 Bray
15%
United Kingdom 16571 Brentford
15%
United States 64609 Brentwood
15%
United Kingdom 52586 Brentwood
15%
United States 45272 Brentwood
15%
United States 9927 Brentwood
15%
Italy 196446 Brescia
15%
United Kingdom 35026 Bridlington
15%
United States 115919 Broken Arrow
15%
France 42850 Bron
15%
Australia 11547 Broome
15%
Papua New Guinea 16000 Buka
15%
Congo (Kinshasa) 1133000 Bukavu
15%
Brazil 19965 Buri
15%
United States 29529 Burton
15%
United Kingdom 20048 Buxton
15%
Russia 20564 Buy
15%
Romania 136087 Bacău
10%
Somalia 70000 Badhan
10%
Germany 55995 Bad Homburg
10%
Germany 17338 Bad Langensalza
10%
Egypt 33456 Badr
10%
Germany 19087 Bad Reichenhall
10%
Gambia, The 43098 Bakau
10%
Australia 8655 Ballina
10%
Mali 28524 Bamba
10%
Germany 80580 Bamberg
10%
United Kingdom 46853 Banbury
10%
Indonesia 1166761 Bandar Lampung
10%
Indonesia 203417 Banjar
10%
Indonesia 662230 Banjarmasin
10%
India 10400 Banta
10%
Benin 106945 Banté
10%
China 2650364 Baotou
10%
Belarus 10245 Baran
10%
India 17365 Barhan
10%
United States 49232 Barnstable
10%
India 16407 Baro
10%
United Kingdom 185900 Basildon
10%
United Kingdom 107355 Basingstoke
10%
France 47459 Bastia
10%
Equatorial Guinea 250770 Bata
10%
Algeria 290645 Batna
10%
Uzbekistan 17500 Baxt
10%
United States 8804 Baxter
10%
China 21400 Bayi
10%
United States 70468 Bayonne
10%
France 53312 Bayonne
10%
Germany 74907 Bayreuth
10%
Argentina 58811 Beccar
10%
Portugal 35854 Beja
10%
Tunisia 88251 Béja
10%
Indonesia 2381053 Bekasi
10%
Russia 328482 Belgorod
10%
United States 35954 Benton
10%
Albania 36496 Berat
10%
Sudan 16650 Berber
10%
Somalia 478000 Berbera
10%
France 26852 Bergerac
10%
France 120057 Besançon
10%
United States 9598 Bethel
10%
United States 31955 Beverly Hills
10%
United States 10507 Beverly Hills
10%
United States 9716 Beverly Hills
10%
France 25810 Biarritz
10%
United States 22463 Biddeford
10%
India 297268 Bihār
10%
United States 41700 Billerica
10%
Indonesia 136492 Bima
10%
India 11379 Bind
10%
United Kingdom 109848 Birkenhead
10%
Malta 24356 Birkirkara
10%
North Macedonia 69287 Bitola
10%
United States 71261 Blaine
10%
United States 59416 Blue Springs
10%
Germany 52093 Böblingen
10%
United States 19509 Boerne
10%
Guinea 116270 Boké
10%
United States 19534 Boone
10%
United States 12445 Boone
10%
United Kingdom 36322 Borehamwood
10%
Germany 43589 Borken
10%
Germany 12565 Borken
10%
Côte d’Ivoire 740000 Bouaké
10%
France 41039 Boulogne-sur-Mer
10%
United States 57771 Bowie
10%
United Kingdom 60077 Bracknell
10%
Romania 154686 Brăila
10%
United Kingdom 43215 Braintree
10%
United States 38762 Braintree
10%
United States 12760 Branson
10%
Canada 39474 Brant
10%
Russia 220097 Bratsk
10%
Germany 11167 Braunfels
10%
United States 47337 Brea
10%
United States 228576 Bremerton
10%
United States 74807 Brick
10%
Italy 82694 Brindisi
10%
United States 105080 Brockton
10%
Canada 9461 Brockton
10%
United States 84349 Brooklyn Park
10%
United States 15799 Brooklyn Park
10%
Canada 14924 Brooks
10%
Liberia 34270 Buchanan
10%
United States 99844 Buckeye
10%
United Kingdom 8640 Buckie
10%
Philippines 68892 Buenavista
10%
Philippines 52899 Buenavista
10%
Philippines 31160 Buenavista
10%
Philippines 29711 Buenavista
10%
Philippines 26043 Buenavista
10%
Colombia 22711 Buenavista
10%
Colombia 18344 Buenavista
10%
Colombia 10829 Buenavista
10%
Colombia 8749 Buenavista
10%
Philippines 73143 Bula
10%
Zimbabwe 665952 Bulawayo
10%
Australia 71090 Bunbury
10%
Australia 70540 Bundaberg
10%
Somalia 57000 Bura
10%
United States 64295 Burnsville
10%
United Kingdom 40664 Bury Saint Edmunds
10%
Australia 25329 Busselton
10%
Congo (Kinshasa) 55313 Buta
10%
United States 13306 Butler
10%
United States 9694 Butler
10%
Belarus 207351 Babruysk
5%
United States 217860 Babylon
5%
Philippines 39817 Baco
5%
Philippines 600783 Bacolod
5%
Philippines 24367 Bacolod
5%
Germany 19745 Bad Aibling
5%
Germany 18821 Bad Dürkheim
5%
Germany 10002 Bad Ems
5%
United States 19033 Badger
5%
Germany 30770 Bad Hersfeld
5%
Germany 23245 Bad Kissingen
5%
Germany 52989 Bad Kreuznach
5%
Germany 33809 Bad Nauheim
5%
Germany 15720 Bad Neustadt
5%
Germany 10759 Bad Orb
5%
Germany 54585 Bad Salzuflen
5%
Germany 23133 Bad Salzungen
5%
Germany 18891 Bad Segeberg
5%
Germany 17473 Bad Wildungen
5%
Cameroon 600000 Bafoussam
5%
Brazil 117938 Bagé
5%
India 11365 Baghra
5%
Burma 284179 Bago
5%
Philippines 191210 Bago
5%
India 12039 Bāgra
5%
Cameroon 51500 Baham
5%
Ethiopia 243300 Bahir Dar
5%
Romania 108759 Baia Mare
5%
Canada 20687 Baie-Comeau
5%
United States 14353 Bainbridge
5%
United States 8882 Bainbridge
5%
Australia 7580 Bairnsdale
5%
Philippines 84317 Bais
5%
United States 10177 Baker City
5%
India 9936 Balal
5%
Colombia 26384 Balboa
5%
United States 33595 Baldwin
5%
United States 21159 Baldwin
5%
United States 70720 Baldwin Park
5%
Indonesia 598043 Balikpapan
5%
Germany 35054 Balingen
5%
France 17431 Balma
5%
India 13057 Balua
5%
United Kingdom 12126 Bamber Bridge
5%
Afghanistan 100000 Bāmyān
5%
Indonesia 235305 Banda Aceh
5%
Iran 526648 Bandar ‘Abbās
5%
Japan 51511 Bandō
5%
Indonesia 216600 Banjarbaru
5%
India 17387 Banni
5%
United States 30680 Banning
5%
Pakistan 62191 Bannu
5%
Slovakia 76018 Banská Bystrica
5%
Philippines 20799 Banting
5%
United States 12506 Baraboo
5%
Russia 9972 Barda
5%
Chad 11000 Bardaï
5%
Benin 9259 Barei
5%
India 1000000 Bareilly
5%
Algeria 104388 Barika
5%
United Kingdom 24094 Barnstaple
5%
Portugal 78345 Barreiro
5%
United States 17113 Barrington
5%
United States 11049 Barrington
5%
United States 9420 Barrington
5%
United Kingdom 55489 Barrow in Furness
5%
United States 25198 Barstow
5%
United States 37559 Bartlesville
5%
United States 8509 Barton
5%
United States 19801 Bartow
5%
Togo 23181 Bassar
5%
Gambia, The 18414 Basse Santa Su
5%
Benin 9827 Basso
5%
United States 10484 Bastrop
5%
United States 9408 Bastrop
5%
Australia 11294 Batemans Bay
5%
United Kingdom 22920 Bathgate
5%
Ethiopia 20536 Batī
5%
United Kingdom 80485 Batley
5%
Sri Lanka 86227 Batticaloa
5%
United States 73448 Battle Creek
5%
United States 21293 Battle Ground
5%
Nigeria 693700 Bauchi
5%
Germany 38039 Bautzen
5%
Cuba 235107 Bayamo
5%
Puerto Rico 167312 Bayamón
5%
China 38315 Bayan
5%
Mongolia 26252 Bayanhongor
5%
Turkey 40073 Bayındır
5%
Spain 12380 Bayona
5%
United States 8831 Bayport
5%
United States 84538 Baytown
5%
Spain 20562 Baza
5%
China 2712894 Bazhou
5%
China 622975 Bazhou
5%
China 18110 Bazhou
5%
United States 14629 Beacon
5%
United Kingdom 28120 Bearsden
5%
United States 12233 Beatrice
5%
United States 13660 Beaufort
5%
Malaysia 12742 Beaufort
5%
United States 46787 Beavercreek
5%
United States 16629 Beaver Dam
5%
United States 8885 Beaver Falls
5%
United Kingdom 10069 Beccles
5%
United States 16977 Beckley
5%
Germany 37452 Beckum
5%
United States 10876 Bedford Heights
5%
Australia 122 Bedourie
5%
Algeria 176139 Bejaïa
5%
France 45646 Belfort
5%
Argentina 72000 Bella Vista
5%
United States 30935 Bella Vista
5%
Argentina 29071 Bella Vista
5%
Argentina 15126 Bella Vista
5%
Paraguay 6145 Bella Vista
5%
Peru 22116 Bellavista
5%
Chile 15187 Bellavista
5%
Colombia 9941 Bellavista
5%
United States 11046 Belle Chasse
5%
Canada 52959 Beloeil
5%
Belgium 14032 Beloeil
5%
Switzerland 11510 Belp
5%
Angola 32955 Bembe
5%
United States 15490 Bemidji
5%
Moldova 76158 Bender
5%
China 3164467 Bengbu
5%
Indonesia 360495 Bengkulu
5%
United States 26861 Benicia
5%
Spain 74663 Benidorm
5%
Morocco 209594 Béni Mellal
5%
United States 15313 Bennington
5%
United States 18576 Bensenville
5%
United States 56326 Bentonville
5%
Japan 115992 Beppu
5%
United States 18330 Berea
5%
United States 16642 Berea
5%
United States 15557 Berea
5%
United States 28269 Bergenfield
5%
Germany 62172 Bergheim
5%
Argentina 109914 Bernal
5%
United States 9068 Bernalillo
5%
Australia 4088 Berri
5%
United Kingdom 11630 Berwick-Upon-Tweed
5%
United States 55888 Berwyn
5%
Russia 36011 Beslan
5%
United States 25655 Bessemer
5%
Netherlands 30216 Best
5%
United States 33070 Bethel Park
5%
United States 67403 Bethesda
5%
United Kingdom 18014 Beverley
5%
France 80815 Béziers
5%
Nepal 369377 Bharatpur
5%
India 252342 Bharatpur
5%
India 10651 Bharra
5%
India 26708 Bhuban
5%
Indonesia 103610 Biak
5%
Egypt 57716 Bibā
5%
Germany 34331 Biberach
5%
United Kingdom 30854 Bicester
5%
United Kingdom 18196 Bideford
5%
Vietnam 1575000 Biên Hòa
5%
Germany 43808 Bietigheim-Bissingen
5%
United Kingdom 10817 Biggin Hill
5%
United States 12115 Big Lake
5%
United States 24769 Big Spring
5%
Bosnia and Herzegovina 56261 Bihać
5%
Bosnia and Herzegovina 114663 Bijeljina
5%
United Kingdom 27998 Billericay
5%
United Kingdom 33915 Billingham
5%
Australia 5758 Biloela
5%
Central African Republic 124176 Bimbo
5%
Azerbaijan 56928 Binə
5%
United Kingdom 10080 Bingham
5%
United States 150564 Binghamton
5%
China 3748474 Binzhou
5%
Central African Republic 10178 Birao
5%
Australia 110 Birdsville
5%
India 16098 Birhana
5%
Philippines 11274 Biri
5%
Germany 10200 Birkenfeld
5%
Austria 10540 Bischofshofen
5%
Germany 10648 Bischofswerda
5%
United Kingdom 16131 Bishop Auckland
5%
United Kingdom 23540 Bishopbriggs
5%
United Kingdom 38202 Bishops Stortford
5%
Germany 17465 Bitburg
5%
Nigeria 176072 Biu
5%
United States 29402 Bixby
5%
United States 12628 Blackfoot
5%
United States 71014 Blacksburg
5%
United Kingdom 9020 Blairgowrie
5%
United Kingdom 10607 Blandford Forum
5%
Spain 42198 Blanes
5%
New Zealand 26400 Blenheim
5%
United States 23979 Bloomingdale
5%
United States 22388 Bloomingdale
5%
United States 8840 Bloomingdale
5%
United Kingdom 51879 Bloxwich
5%
United States 9511 Bluefield
5%
Nicaragua 56421 Bluefields
5%
United States 31323 Bluffton
5%
United States 10539 Bluffton
5%
Brazil 361261 Blumenau
5%
United States 17824 Blythe
5%
Brazil 413486 Boa Vista
5%
United States 10847 Boaz
5%
Germany 72409 Bocholt
5%
Belgium 13085 Bocholt
5%
United Kingdom 14736 Bodmin
5%
Turkey 175000 Bodrum
5%
Congo (Kinshasa) 36158 Boende
5%
United States 10539 Bogalusa
5%
Germany 10333 Bogen
5%
United Kingdom 25020 Bognor Regis
5%
Indonesia 982469 Bogor
5%
China 235585 Bole
5%
United States 73813 Bolingbrook
5%
Turkey 184682 Bolu
5%
Uganda 26370 Bombo
5%
Congo (Kinshasa) 19601 Bondo
5%
France 51066 Bondy
5%
United Kingdom 14760 Bo’ness
5%
United States 10594 Bonham
5%
United Kingdom 17530 Bonnyrigg
5%
Somalia 700906 Boosaaso
5%
United Kingdom 51394 Bootle
5%
Benin 70268 Bopa
5%
Sweden 114445 Borås
5%
Philippines 38187 Borbon
5%
France 10102 Borgo
5%
Sweden 44898 Borlänge
5%
India 33199 Borne
5%
Netherlands 23668 Borne
5%
Germany 49074 Bornheim
5%
Central African Republic 36478 Bossangoa
5%
United States 62832 Bossier City
5%
United States 48610 Bothell
5%
Algeria 68545 Bouira
5%
United States 14888 Boulder City
5%
Australia 218 Boulia
5%
France 120205 Boulogne-Billancourt
5%
United States 45093 Bountiful
5%
France 64238 Bourges
5%
Australia 1535 Bourke
5%
Burkina Faso 25022 Boussé
5%
Mali 12401 Boussé
5%
Australia 9612 Bowen
5%
United States 12457 Box Elder
5%
United States 80601 Boynton Beach
5%
China 4850657 Bozhou
5%
United States 56289 Bradenton
5%
Brazil 128914 Bragança
5%
Portugal 35341 Bragança
5%
Germany 15102 Brake
5%
Canada 104688 Brantford
5%
United States 26934 Brawley
5%
Belgium 16324 Bree
5%
Austria 29620 Bregenz
5%
Germany 19023 Bremervörde
5%
France 10748 Briançon
5%
United States 26836 Bridgeton
5%
United States 11372 Bridgeton
5%
United States 45943 Bridgewater
5%
United States 28669 Bridgewater
5%
Canada 8790 Bridgewater
5%
United States 19796 Brigham City
5%
Gambia, The 77700 Brikama
5%
United Kingdom 16831 Brixham
5%
United Kingdom 78536 Brixton
5%
Australia 17706 Broken Hill
5%
United States 1472654 Bronx
5%
United States 487817 Brookhaven
5%
United States 57224 Brookhaven
5%
United States 11656 Brookhaven
5%
United States 23710 Brookings
5%
United States 62822 Brookline
5%
United States 32811 Brooklyn Center
5%
United States 75110 Broomfield
5%
Canada 91525 Brossard
5%
United Kingdom 18659 Broughty Ferry
5%
United States 12615 Brown Deer
5%
United States 8803 Brownfield
5%
United Kingdom 15440 Broxburn
5%
Switzerland 11129 Brugg
5%
United States 21125 Bryant
5%
United States 20838 Buckingham
5%
Canada 17407 Buckingham
5%
United Kingdom 14294 Buckingham
5%
United States 11619 Bucyrus
5%
United Kingdom 9222 Bude
5%
United States 83052 Buena Park
5%
Colombia 423927 Buenaventura
5%
Spain 11837 Bueu
5%
Germany 29214 Bühl
5%
Uzbekistan 280187 Bukhara
5%
Switzerland 22709 Bulle
5%
Congo (Kinshasa) 103328 Bumba
5%
Pakistan 50000 Buni
5%
Congo (Kinshasa) 900666 Bunia
5%
Somalia 425000 Burco
5%
Germany 10628 Burgau
5%
United Kingdom 32491 Burgess Hill
5%
Germany 19494 Burghausen
5%
Germany 10402 Burgstädt
5%
United States 51331 Burien
5%
United States 43336 Burke
5%
Australia 238 Burketown
5%
United States 11721 Burley
5%
United States 30526 Burlingame
5%
Canada 249125 Burnaby
5%
Australia 19918 Burnie
5%
Albania 10862 Burrel
5%
Indonesia 140 Buton
5%
Germany 41256 Buxtehude
5%
Taiwan 31380 Buyan
5%
United States 12847 Byram
5%
Australia 5521 Byron Bay
5%
Poland 153274 Bytom
5%
Lebanon 84900 Baabda
0%
Lebanon 81052 Baalbek
0%
Lebanon 17000 Baaqlîne
0%
Somalia 755500 Baardheere
0%
India 8946 Bāba Bakāla
0%
Romania 9213 Babadag
0%
Turkey 29215 Babaeski
0%
Algeria 60000 Baba Hassen
0%
Ecuador 98251 Babahoyo
0%
Cameroon 45000 Baba I
0%
India 19260 Bābai
0%
India 9016 Bābai Kalān
0%
Sudan 19700 Babanūsah
0%
Algeria 28182 Babar
0%
Tanzania 67445 Babati
0%
Philippines 28823 Babatngon
0%
Russia 11646 Babayevo
0%
Azerbaijan 5600 Babək
0%
Germany 17579 Babenhausen
0%
Algeria 96597 Bab Ezzouar
0%
India 13618 Babhanganwa
0%
India 8569 Babhangaon
0%
India 14479 Babhangāwān
0%
India 15092 Babhani Bholwa
0%
India 9617 Babhantoli
0%
India 10325 Babhniyāwān
0%
India 10746 Babhnoul
0%
Syria 50880 Babīlā
0%
Ethiopia 100000 Babīlē
0%
Iran 250217 Bābol
0%
Iran 59966 Bābolsar
0%
India 25270 Bābra
0%
India 30695 Bābura
0%
Serbia 12307 Babušnica
0%
Somalia 53890 Bacaadweyn
0%
Brazil 103711 Bacabal
0%
Philippines 72485 Bacacay
0%
Mexico 12527 Bacalar
0%
Philippines 33496 Bacarra
0%
India 8779 Bachchannapet
0%
India 13321 Bachhauta
0%
India 31101 Bachhraon
0%
India 12969 Bachrā
0%
Vietnam 13122 Ba Chúc
0%
Moldova 10175 Băcioi
0%
Romania 8818 Baciu
0%
Serbia 25476 Bačka Palanka
0%
Serbia 11930 Bačka Topola
0%
Serbia 7452 Bački Petrovac
0%
Germany 38184 Backnang
0%
Philippines 33850 Baclaran
0%
Philippines 22461 Baclayon
0%
United States 9935 Bacliff
0%
Philippines 44388 Bacnotan
0%
Mexico 8539 Bacobampo
0%
Italy 25230 Bacoli
0%
Philippines 48066 Bacolor
0%
Philippines 41207 Bacong
0%
Philippines 664625 Bacoor
0%
Philippines 14881 Bacuag
0%
United Kingdom 13323 Bacup
0%
Brazil 16290 Bacuri
0%
India 300000 Bada Barabīl
0%
Germany 12654 Bad Abbach
0%
India 9220 Badagabettu
0%
Azerbaijan 11871 Badamdar
0%
India 30943 Bādāmi
0%
India 9209 Bādanahatti
0%
India 17190 Badantola
0%
India 14912 Badarpur
0%
India 13739 Badarwās
0%
Germany 16321 Bad Bentheim
0%
Germany 8786 Bad Bergzabern
0%
Germany 18833 Bad Berleburg
0%
Germany 9983 Bad Bevensen
0%
Germany 15451 Bad Bramstedt
0%
Germany 9655 Bad Breisig
0%
Germany 14229 Bad Camberg
0%
Germany 19496 Bad Driburg
0%
Germany 11801 Bad Dürrenberg
0%
Germany 13793 Bad Dürrheim
0%
India 39374 Bādepalli
0%
Germany 16377 Bad Essen
0%
Germany 12119 Bad Fallingbostel
0%
Germany 8512 Bad Feilnbach
0%
Germany 10042 Bad Frankenhausen
0%
Germany 12296 Bad Freienwalde
0%
Germany 9519 Bad Gandersheim
0%
Germany 21503 Bad Harzburg
0%
Netherlands 13290 Badhoevedorp
0%
Germany 26061 Bad Honnef am Rhein
0%
India 34207 Badiadka
0%
Philippines 43735 Badian
0%
Philippines 27056 Badiangan
0%
Italy 10068 Badia Polesine
0%
Germany 10574 Bad Iburg
0%
Austria 14133 Bad Ischl
0%
Germany 9857 Bad König
0%
Germany 21971 Bad Krozingen
0%
India 18051 Bādkulla
0%
Germany 13504 Bad Laasphe
0%
Germany 9203 Bad Laer
0%
Germany 8995 Bad Lauchstädt
0%
Germany 10297 Bad Lauterberg
0%
Germany 9253 Bad Liebenwerda
0%
Germany 9829 Bad Liebenzell
0%
Germany 16884 Bad Lippspringe
0%
Germany 24752 Bad Mergentheim
0%
Germany 17511 Bad Münder am Deister
0%
Germany 17568 Bad Münstereifel
0%
Vietnam 134000 Ba Đồn
0%
India 23424 Badnāwar
0%
Germany 11629 Bad Nenndorf
0%
Germany 27647 Bad Neuenahr-Ahrweiler
0%
India 9217 Badnor
0%
Philippines 32530 Badoc
0%
Germany 49566 Bad Oeynhausen
0%
Germany 25104 Bad Oldesloe
0%
Togo 24000 Badou
0%
Germany 19596 Bad Pyrmont
0%
Germany 22586 Bad Rappenau
0%
Pakistan 45771 Badrashni
0%
Germany 8614 Bad Rothenfelde
0%
India 10245 Badru Khān
0%
Saudi Arabia 63468 Badr Ḩunayn
0%
Germany 17637 Bad Säckingen
0%
Germany 13523 Bad Salzdetfurth
0%
Germany 12528 Bad Sassendorf
0%
Germany 9277 Bad Schussenried
0%
Germany 11602 Bad Schwalbach
0%
Germany 20169 Bad Schwartau
0%
India 16064 Bādshāhpur
0%
Germany 23174 Bad Soden am Taunus
0%
Germany 13960 Bad Soden-Salmünster
0%
Germany 19360 Bad Tölz
0%
Sri Lanka 42923 Badulla
0%
Germany 12755 Bad Urach
0%
India 52493 Badūria
0%
India 12990 Baduriātola
0%
India 48835 Bādurpalle
0%
India 70626 Badvel
0%
Germany 36021 Bad Vilbel
0%
Austria 11844 Bad Vöslau
0%
Germany 20786 Bad Waldsee
0%
Germany 10601 Bad Wildbad
0%
Germany 12766 Bad Windsheim
0%
Germany 17683 Bad Wörishofen
0%
Germany 15083 Bad Wurzach
0%
Brazil 27260 Bady Bassitt
0%
Germany 30051 Bad Zwischenahn
0%
Spain 18436 Baena
0%
Brazil 18366 Baependi
0%
Germany 28005 Baesweiler
0%
Kyrgyzstan 10682 Baetov
0%
Spain 15677 Baeza
0%
Cameroon 33342 Bafang
0%
Cameroon 17890 Bafanji
0%
Guinea-Bissau 29556 Bafatá
0%
Cameroon 69270 Bafia
0%
Togo 23085 Bafilo
0%
Mali 19955 Bafoulabé
0%
Iran 45453 Bāfq
0%
Turkey 143109 Bafra
0%
Iran 34517 Bāft
0%
Cameroon 80305 Bafut
0%
Congo (Kinshasa) 149 Bafwasende
0%
Philippines 37985 Bagabag
0%
Philippines 31365 Bagac
0%
Costa Rica 19536 Bagaces
0%
Colombia 13174 Bagadó
0%
India 120736 Bagaha
0%
India 17798 Bagahi
0%
India 112090 Bāgalkot
0%
India 10066 Bāgalūr
0%
India 8682 Bāgalvād
0%
Indonesia 1256610 Bagam
0%
Philippines 11086 Bagamanoc
0%
Tanzania 82578 Bagamoyo
0%
Philippines 58714 Baganga
0%
Indonesia 73360 Bagan Si Api-api
0%
India 31789 Bagasra
0%
India 11658 Bagaura
0%
India 9357 Bāgchīni
0%
Turkey 740069 Bağcılar
0%
Russia 1805 Bagdarin
0%
Uzbekistan 12800 Bag‘dod
0%
India 27011 Bāgepalli
0%
India 9079 Bāgeshwar
0%
India 12892 Bāgewādi
0%
Philippines 87753 Baggao
0%
India 11614 Baghambarpur
0%
India 9889 Baghānt
0%
India 28506 Bāgha Purāna
0%
India 11722 Baghauni
0%
India 9493 Bāghduma
0%
Iran 26343 Bāgh-e Malek
0%
Italy 52928 Bagheria
0%
Iran 10407 Bāghīn
0%
Afghanistan 83490 Baghlān
0%
Algeria 15854 Baghlia
0%
India 30000 Bāghmāri
0%
India 11380 Baghmaria
0%
India 50310 Bāghpat
0%
Syria 10689 Bāghūz Fawqānī
0%
Turkey 406471 Bağlar
0%
India 13368 Bāgli
0%
Nepal 29360 Bāglung
0%
Italy 16360 Bagnacavallo
0%
India 10996 Bāgnān
0%
Italy 9279 Bagnara Calabra
0%
France 43647 Bagneux
0%
Italy 25156 Bagno a Ripoli
0%
France 41776 Bagnolet
0%
Italy 9788 Bagnolo in Piano
0%
Italy 12446 Bagnolo Mella
0%
France 18124 Bagnols-sur-Cèze
0%
India 9934 Bagodar
0%
Philippines 29389 Bagong Pag-Asa
0%
Philippines 106886 Bagong Silangan
0%
India 9500 Bāgor
0%
Benin 20631 Bagou
0%
Afghanistan 31680 Bagrāmī
0%
Brazil 13708 Bagre
0%
India 10509 Bagrīnagar
0%
Peru 37300 Bagua Grande
0%
Cuba 47851 Báguanos
0%
Mali 58661 Baguinéda
0%
Philippines 366358 Baguio City
0%
India 22649 Bagulā
0%
United Kingdom 14794 Baguley
0%
Philippines 14428 Bagulin
0%
Philippines 68947 Bagumbayan
0%
Philippines 49319 Bagumbayan
0%
Pakistan 108784 Bagu Na Mohra
0%
Iran 9232 Bahābād
0%
India 11571 Bahādarpur
0%
India 37115 Bahādurganj
0%
India 12739 Bahādurpur
0%
India 11528 Bāhāgalpur
0%
Iran 673405 Bahār
0%
India 195223 Baharampur
0%
Iran 79023 Bahārestān
0%
Turkmenistan 24139 Baharly
0%
India 16155 Baharu
0%
Pakistan 141935 Bahawalnagar
0%
Pakistan 762111 Bahawalpur
0%
Turkey 16110 Bahçe
0%
Turkey 13495 Bahçesaray
0%
India 24284 Baheri
0%
Morocco 38611 Bahharet Oulad Ayyad
0%
Ecuador 22209 Bahía de Caráquez
0%
Cuba 43483 Bahía Honda
0%
Haiti 17417 Bahon
0%
India 186223 Bahraigh
0%
India 15963 Bahutāl
0%
Brazil 9224 Baía da Traição
0%
Angola 107841 Baía Farta
0%
Brazil 51641 Baião
0%
Portugal 20522 Baião
0%
Romania 14329 Baia-Sprie
0%
China 15464 Baiceng
0%
Vietnam 30280 Bai Chay
0%
China 3571505 Baicheng
0%
China 1551378 Baicheng
0%
China 49207 Baicheng
0%
China 40748 Baichigan
0%
Romania 16722 Băicoi
0%
Somalia 1200000 Baidoa
0%
Haiti 17277 Baie de Henne
0%
Mauritius 14687 Baie du Tombeau
0%
Germany 15126 Baiersbronn
0%
India 20314 Baihar
0%
China 20973 Baiheqiao
0%
China 45576 Baiji
0%
India 16919 Baikatpur
0%
Kazakhstan 39161 Baikonur
0%
India 8794 Baikunthapur
0%
India 12276 Baikunthpur
0%
United Kingdom 17053 Baildon
0%
Ireland 15642 Baile an Bhiataigh
0%
Ireland 22869 Baile Átha Luain
0%
Spain 17264 Bailén
0%
Romania 15928 Băileşti
0%
United States 25458 Bailey's Crossroads
0%
India 57057 Bail-Hongal
0%
China 11144 Bailin
0%
United Kingdom 21663 Bailleston
0%
France 14734 Bailleul
0%
China 72000 Bailongqiaocun
0%
United States 24607 Bainbridge Island
0%
India 24957 Baindūr
0%
Haiti 62300 Bainet
0%
China 16330 Baipingshan
0%
China 70472 Baiquan
0%
India 42895 Bairāgnia
0%
India 386745 Bairia
0%
India 12897 Bairia
0%
India 12425 Bairia
0%
India 30883 Bairi Chak
0%
India 9424 Bairiyā
0%
India 11910 Bairo
0%
China 42466 Bairuo
0%
India 9317 Baisa
0%
Bangladesh 15000 Bāisāri
0%
China 442709 Baisha
0%
China 28419 Baishaling
0%
China 968373 Baishan
0%
China 36546 Baishan
0%
China 36982 Baishi Airikecun
0%
India 9365 Baisuhalli
0%
Dominican Republic 11778 Baitoa
0%
Brazil 18220 Baixa Grande
0%
Brazil 27819 Baixo Guandu
0%
China 32473 Baiyan
0%
China 130256 Baiyashi
0%
China 1512110 Baiyin
0%
India 13141 Bajala
0%
India 76837 Baj Baj
0%
Iran 11741 Bajestān
0%
China 11745 Bajiao
0%
Yemen 46005 Bājil
0%
Serbia 26022 Bajina Bašta
0%
Panama 19000 Bajo Boquete
0%
India 10603 Bajpe
0%
Albania 5340 Bajram Curri
0%
India 9921 Bajwāra
0%
Benin 206667 Bakaga
0%
Russia 5500 Bakal
0%
Sri Lanka 43915 Bakamune
0%
India 16106 Bakarpur Ogairah
0%
Senegal 15000 Bakel
0%
China 17216 Bakeshiyingcun
0%
India 9373 Bakhariā
0%
Ukraine 27448 Bakhchysarai
0%
Ukraine 16862 Bakhmach
0%
Ukraine 71094 Bakhmut
0%
Tajikistan 28276 Bakhor
0%
India 22179 Bakhri
0%
India 12716 Bakhtāwarpur
0%
India 53223 Bakhtiyārpur
0%
Azerbaijan 71600 Bakıxanov
0%
Central African Republic 17599 Bakouma
0%
Russia 40010 Baksan
0%
Philippines 14535 Bakun
0%
India 10446 Bakwa
0%
Congo (Kinshasa) 58092 Bakwa-Kalonji
0%
Philippines 42527 Balabac
0%
Philippines 29863 Balabagan
0%
Russia 30194 Balabanovo
0%
Angola 1307 Bala Cangamba
0%
United States 9622 Bala Cynwyd
0%
Iraq 62817 Balad
0%
India 14721 Bāladharmāram
0%
India 10000 Bālāgām
0%
Philippines 77018 Balagtas
0%
Spain 17705 Balaguer
0%
Malawi 36000 Balaka
0%
Azerbaijan 1815 Balakən
0%
Ukraine 26334 Balakliia
0%
Afghanistan 30419 Bālā Kōh
0%
Russia 181724 Balakovo
0%
India 8596 Bālakrishnanpatti
0%
Philippines 95136 Balamban
0%
Mexico 58524 Balancán
0%
Philippines 104173 Balanga
0%
Philippines 14341 Balangiga
0%
India 112544 Balāngīr
0%
Philippines 14318 Balangkas
0%
Philippines 10185 Balangkayan
0%
Ecuador 12850 Baláo
0%
Philippines 40339 Balaoan
0%
India 34113 Balarāmpur
0%
India 24431 Balarāmpur
0%
India 36134 Bālarāmpuram
0%
India 16242 Bālasamudram
0%
Philippines 35064 Balasan
0%
Russia 530311 Balashikha
0%
Russia 74057 Balashov
0%
India 144373 Balasore
0%
Hungary 13917 Balassagyarmat
0%
Philippines 30669 Balatan
0%
Hungary 10000 Balatonalmádi
0%
Hungary 12925 Balatonfüred
0%
India 10293 Balaungi
0%
Azerbaijan 11615 Balaxanı
0%
Philippines 95913 Balayan
0%
Philippines 12914 Balbalan
0%
Panama 62882 Balboa Heights
0%
Argentina 44796 Balcarce
0%
Bulgaria 12429 Balchik
0%
United States 27181 Balch Springs
0%
Turkey 80721 Balçova
0%
India 10033 Baldeogarh
0%
United Kingdom 9917 Balderton
0%
United Kingdom 9900 Baldock
0%
India 11137 Bālehonnūr
0%
Philippines 28855 Baleno
0%
Philippines 43785 Baler
0%
India 27207 Bāler
0%
Indonesia 124129 Baleraja
0%
Philippines 30090 Balete
0%
Philippines 24055 Balete
0%
Russia 11151 Baley
0%
Niger 16063 Baléyara
0%
India 12015 Balha
0%
United Kingdom 14751 Balham
0%
India 13626 Balhāpur
0%
India 10437 Bālia
0%
Philippines 18433 Baliangao
0%
India 14582 Balīgaon
0%
India 16695 Balighattam
0%
Philippines 23771 Baliguian
0%
Turkey 314958 Balıkesir
0%
Cameroon 10163 Balikumbat
0%
Philippines 18694 Balilihan
0%
Philippines 48055 Balimbing
0%
Philippines 32115 Balimbing
0%
Philippines 32573 Balindong
0%
Philippines 74385 Balingasag
0%
Philippines 11020 Balingoan
0%
Philippines 19260 Balintawak
0%
Uzbekistan 25100 Baliqchi
0%
Philippines 168470 Baliuag
0%
Turkmenistan 188429 Balkanabat
0%
Afghanistan 77000 Balkh
0%
India 15644 Bālkonda
0%
United States 25866 Ballenger Creek
0%
Germany 8682 Ballenstedt
0%
Philippines 34488 Ballesteros
0%
India 104424 Ballia
0%
Ireland 18621 Ballincollig
0%
South Africa 19234 Ballitoville
0%
United States 12164 Ballston
0%
United States 30835 Ballwin
0%
Ireland 19557 Ballyfermot
0%
United Kingdom 28704 Ballymena
0%
United Kingdom 11048 Ballymoney
0%
Hungary 16948 Balmazújváros
0%
Brazil 139155 Balneário de Camboriú
0%
Brazil 15981 Balneário do Rincão
0%
Argentina 8821 Balneario Monte Hermoso
0%
Angola 108965 Balombo
0%
Kazakhstan 12654 Balpyq Bī
0%
Kazakhstan 78002 Balqash
0%
India 81054 Balrāmpur
0%
Romania 16114 Balş
0%
Brazil 9596 Bálsamo
0%
Brazil 13395 Balsa Nova
0%
Brazil 107767 Balsas
0%
Sweden 13138 Bålsta
0%
Ukraine 17854 Balta
0%
India 9876 Baltāra
0%
Uruguay 2531 Baltasar Brum
0%
United States 8564 Baltimore Highlands
0%
Pakistan 16000 Baltit
0%
Russia 27032 Baltiysk
0%
India 10470 Balua Rāmpur
0%
Philippines 40155 Balud
0%
India 20886 Bālugān
0%
India 8875 Bālumāth
0%
Philippines 30004 Balungao
0%
China 9220 Baluntaicun
0%
India 10808 Bālupur
0%
India 153279 Bālurghāt
0%
India 27363 Balussheri
0%
India 8924 Balvādi
0%
Germany 11108 Balve
0%
Latvia 5584 Balvi
0%
India 10500 Balwa
0%
Turkey 12451 Balya
0%
Kyrgyzstan 54132 Balykchy
0%
Kazakhstan 31624 Balyqshy
0%
Malta 3958 Balzan
0%
Ecuador 32744 Balzar
0%
Liechtenstein 4642 Balzers
0%
Mali 13622 Bamafélé
0%
India 9119 Bamaiya Harlāl
0%
India 33299 Bāmaur
0%
Guinea-Bissau 32255 Bambadinca
0%
Cameroon 20863 Bambalang
0%
Philippines 129011 Bamban
0%
Philippines 78260 Bamban
0%
Philippines 55789 Bambang
0%
Philippines 13949 Bambang
0%
Mali 16864 Bambara-Maoundé
0%
Central African Republic 41356 Bambari
0%
Norway 14172 Bamble
0%
Mauritius 15345 Bambous
0%
Brazil 23546 Bambuí
0%
China 52500 Bamei
0%
Cameroon 600000 Bamenda
0%
Cameroon 37547 Bamendjou
0%
Cameroon 26802 Bamessi
0%
Cameroon 40000 Bamessing
0%
India 12687 Bamhnī
0%
China 197065 Bamiantong
0%
India 9785 Bamora
0%
Iran 12217 Bampūr
0%
Cameroon 20000 Bamukumbit
0%
Cameroon 20000 Bamumkumbit
0%
Brazil 17195 Banabuiú
0%
India 11137 Banagi
0%
Iran 8753 Banak
0%
Mali 30591 Banamba
0%
Brazil 9969 Bananal
0%
Kenya 60000 Banane
0%
Brazil 23134 Bananeiras
0%
Thailand 30981 Ban Ang Sila
0%
Thailand 14435 Ban Ao Nang
0%
India 21745 Bānapur
0%
Iran 9077 Banārūyeh
0%
India 9585 Banāso
0%
Philippines 33376 Banate
0%
Philippines 20652 Banaue
0%
India 11265 Bānāvar
0%
Philippines 44451 Banaybanay
0%
Turkey 35181 Banaz
0%
Tunisia 18018 Banbalah
0%
Thailand 59478 Ban Bang Kaeo
0%
Thailand 38758 Ban Bang Khu Lat
0%
Thailand 29138 Ban Bang Khu Wat
0%
Thailand 31954 Ban Bang Krang
0%
Thailand 11324 Ban Bang Lamung
0%
Thailand 45974 Ban Bang Mae Nang
0%
Thailand 13786 Ban Bang Muang
0%
Thailand 12466 Ban Bang Non
0%
Thailand 9434 Ban Bang Phlap
0%
Thailand 24625 Ban Bang Phun
0%
Thailand 120058 Ban Bang Pu Mai
0%
Thailand 18788 Ban Bang Rin
0%
Thailand 12136 Ban Bang Sai
0%
Thailand 10164 Ban Bang Toei
0%
Thailand 10767 Ban Bang Yai
0%
India 9159 Banbhāg
0%
China 22029 Banbishancun
0%
Thailand 18777 Ban Bo Haeo
0%
Thailand 12143 Ban Bo Luang
0%
Thailand 10168 Ban Bong Tai
0%
Thailand 9281 Ban Bo Phlap
0%
United Kingdom 14744 Banbridge
0%
Thailand 19346 Ban Bueng
0%
Thailand 9688 Ban Bueng Kok
0%
Thailand 19074 Ban Bueng Phra
0%
Thailand 13507 Ban Bung Kha
0%
Thailand 10063 Ban Bu Sung
0%
Thailand 30983 Ban Chang
0%
Thailand 9191 Ban Chang Phuak
0%
Thailand 8534 Ban Charoen Mueang
0%
Thailand 16527 Ban Cho Ho
0%
Thailand 13266 Ban Chomphu Nuea
0%
Thailand 13157 Ban Chorakhe Samphan
0%
Bangladesh 241799 Bānchpār
0%
Philippines 81739 Banco Filipino International Village
0%
Argentina 63226 Banda del Río Salí
0%
India 12431 Bandalli
0%
India 8576 Bandamūrlanka
0%
Thailand 10329 Ban Dan Na Kham
0%
Sri Lanka 32000 Bandarawela
0%
Somalia 13753 Bandarbeyla
0%
Iran 118564 Bandar-e Anzalī
0%
Iran 13557 Bandar-e ‘Asalūyeh
0%
Iran 223504 Bandar-e Būshehr
0%
Iran 25730 Bandar-e Deylam
0%
Iran 78353 Bandar-e Emām Khomeynī
0%
Iran 20742 Bandar-e Gaz
0%
Iran 73472 Bandar-e Genāveh
0%
Iran 15320 Bandar-e Khamīr
0%
Iran 19213 Bandar-e Kong
0%
Iran 30435 Bandar-e Lengeh
0%
Iran 162797 Bandar-e Māhshahr
0%
Iran 78353 Bandar Emām
0%
Iran 53970 Bandar-e Torkaman
0%
Somalia 16320 Bandar Murcaayo
0%
Brazil 31273 Bandeirantes
0%
Pakistan 36588 Bandhi
0%
Mali 25564 Bandiagara
0%
Niger 9237 Bandio
0%
Nepal 12450 Bandipur
0%
India 27482 Bandipura
0%
Turkey 167363 Bandırma
0%
Uzbekistan 10110 Bandixon
0%
India 12734 Bandlagūda
0%
Thailand 36952 Ban Doi Suthep
0%
Thailand 9642 Ban Dong Mada
0%
Thailand 14286 Ban Don Kaeo
0%
Thailand 13401 Ban Don Thong
0%
India 16192 Bandora
0%
Mayotte 13989 Bandraboua
0%
Mayotte 10282 Bandrele
0%
Thailand 15463 Ban Duea
0%
Congo (Kinshasa) 143435 Bandundu
0%
India 12336 Bandwār
0%
Iran 110218 Bāneh
0%
Nepal 67629 Banepā
0%
Cuba 34452 Banes
0%
Thailand 19326 Ban Fang Tuen
0%
Argentina 223898 Banfield
0%
Burkina Faso 117200 Banfora
0%
India 20749 Banganapalle
0%
India 108864 Bangaon
0%
India 33770 Bangaon
0%
India 9170 Bangaon
0%
Philippines 38041 Bangar
0%
Brunei 451 Bangar
0%
Mali 15191 Bangassi-Nangou
0%
Central African Republic 31453 Bangassou
0%
India 12051 Bangāwān
0%
Thailand 11092 Bang Ban
0%
Thailand 50141 Bang Bua Thong
0%
Indonesia 84240 Bangil
0%
Indonesia 89550 Bangkalan
0%
Thailand 9311 Bang Khla
0%
Indonesia 37847 Bangkinang
0%
Thailand 42390 Bang Kruai
0%
Thailand 16130 Bang Phae
0%
Thailand 12482 Bang Phlat
0%
Thailand 28692 Bang Phongphang
0%
Thailand 13937 Bang Racham
0%
India 11057 Bangramanjēshvara
0%
Thailand 23630 Bang Sao Thong
0%
China 10561 Bangshang
0%
Philippines 50382 Bangued
0%
China 26027 Bangzha
0%
Egypt 157701 Banhā
0%
India 25175 Banhatti
0%
Thailand 15028 Ban Ho Mae Salong
0%
Laos 17687 Ban Houayxay
0%
Thailand 5000 Ban Huai Hin
0%
Thailand 12239 Ban Huai So Nuea
0%
Philippines 52603 Bani
0%
Dominican Republic 145595 Baní
0%
Egypt 18218 Banī Ḩasan ash Shurūq
0%
Benin 16080 Banigbé
0%
Mali 9433 Banikane
0%
Benin 248621 Banikoara
0%
Egypt 79553 Banī Mazār
0%
Egypt 20065 Banī Murr
0%
Poland 9806 Banino
0%
Mali 9044 Baniré Koré
0%
Philippines 46995 Banisilan
0%
Gaza Strip 41439 Banī Suhaylā
0%
Egypt 193048 Banī Suwayf
0%
Egypt 45157 Banī ‘Ubayd
0%
Libya 50824 Banī Walīd
0%
Syria 43151 Bāniyās
0%
India 11484 Bānk
0%
Thailand 14529 Ban Kaeng
0%
Thailand 9676 Ban Kang
0%
Thailand 16147 Ban Kao
0%
India 26827 Bankāpur
0%
Mali 30159 Bankass
0%
Thailand 11283 Ban Kat
0%
Thailand 24745 Ban Khamen
0%
Thailand 9209 Ban Kham Pom
0%
Thailand 15382 Ban Khek Noi
0%
India 15314 Bankheri
0%
Thailand 9334 Ban Khi Lek
0%
Thailand 13186 Ban Khlong
0%
India 21105 Bānki
0%
India 8531 Bānki
0%
Thailand 20174 Ban Klang
0%
Thailand 10561 Ban Ko
0%
Mali 21714 Bankoumana
0%
India 63957 Bankra
0%
Thailand 12800 Ban Krang
0%
Thailand 9471 Ban Krot
0%
India 137386 Bānkura
0%
Bulgaria 11969 Bankya
0%
Thailand 12541 Ban Laem
0%
Thailand 88271 Ban Laem Chabang
0%
Thailand 16470 Ban Lam Narai
0%
Thailand 63271 Ban Lam Sam Kaeo
0%
Thailand 9641 Ban Lao Yao
0%
Thailand 10480 Ban Lueak
0%
Cambodia 30399 Banlung
0%
Thailand 9742 Ban Mae Chedi
0%
Thailand 18546 Ban Mae Hia Nai
0%
Thailand 17629 Ban Mae Ka Hua Thung
0%
Thailand 13502 Ban Mae Kaluang
0%
Thailand 11569 Ban Mae Kham Lang Wat
0%
Thailand 18546 Ban Mae Kha Tai
0%
Thailand 17715 Ban Mae Ngon Khilek
0%
Thailand 9802 Ban Mae Sam Laep
0%
Thailand 15019 Ban Mae Sun Luang
0%
Thailand 11617 Ban Mae Tuen
0%
Thailand 18255 Ban Mai
0%
Thailand 102291 Ban Mangkon
0%
Thailand 79773 Ban Map Ta Phut
0%
Thailand 19123 Ban Mon Pin
0%
Thailand 8837 Ban Muang Kham
0%
Thailand 12084 Ban Muang Ngam
0%
Thailand 36156 Ban Mueang Na Tai
0%
Thailand 14067 Ban Mueang Nga
0%
Thailand 13305 Ban Na Chom Thian
0%
Thailand 15123 Ban Na Kham
0%
Thailand 9592 Ban Nam Dip Luang
0%
Thailand 38548 Ban Na Pa
0%
Thailand 16645 Ban Na Sai
0%
Thailand 19801 Ban Na San
0%
Thailand 18961 Ban Na Yang
0%
Germany 11128 Bannewitz
0%
Thailand 9943 Ban Ngao
0%
Thailand 9040 Ban Ngio Ngam
0%
Thailand 8936 Ban Nikhom Phatthana
0%
Thailand 8838 Ban Noen Kum Nueng
0%
Thailand 12136 Ban Noen Phoem
0%
Thailand 16463 Ban Nong Han
0%
Thailand 13144 Ban Nong Hoi
0%
Thailand 15470 Ban Nong Kathao
0%
Thailand 11877 Ban Nong Kop
0%
Thailand 14273 Ban Nong Kula
0%
Thailand 79258 Ban Nong Prue
0%
Thailand 9512 Ban Nong Tong
0%
Thailand 10376 Ban Non Sombun
0%
India 30675 Bannūr
0%
Spain 20599 Bañolas
0%
Thailand 53821 Ban Om Noi
0%
Australia 16167 Banora Point
0%
Ecuador 14100 Baños
0%
Ecuador 12271 Baños
0%
Slovakia 16614 Bánovce nad Bebravou
0%
Bosnia and Herzegovina 17131 Banovići
0%
Thailand 12050 Ban Pae
0%
Thailand 10138 Ban Pa Hung
0%
Thailand 33407 Ban Pak Phun
0%
Thailand 15577 Ban Pang Mu
0%
Thailand 25863 Ban Pa Sak
0%
Thailand 19346 Ban Patong
0%
Thailand 22139 Ban Pa Tueng
0%
Thailand 42772 Ban Pet
0%
Thailand 9874 Ban Pha Bong
0%
Thailand 28913 Ban Phai
0%
Thailand 9533 Ban Phan Chali
0%
Thailand 11739 Ban Phan Don
0%
Thailand 17116 Ban Phe
0%
Thailand 26804 Ban Phonla Krang
0%
Thailand 23518 Ban Phru
0%
Thailand 25725 Ban Piang Luang
0%
Thailand 73369 Ban Plai Bua Phatthana
0%
Thailand 17298 Ban Pong
0%
Thailand 8846 Ban Pong Tao
0%
Thailand 9922 Ban Pong Yaeng Nai
0%
China 15486 Banqiao
0%
Taiwan 551000 Banqiao
0%
Thailand 58838 Ban Rangsit
0%
Thailand 8569 Ban Ratchakrut
0%
Thailand 16988 Ban Rawai
0%
Thailand 11444 Ban Saeo
0%
Thailand 30750 Ban Sai Ma Tai
0%
Thailand 8784 Ban Sai Yoi
0%
Philippines 62737 Bansalan
0%
Thailand 15821 Ban Samo Khae
0%
Gambia, The 8843 Bansang
0%
Thailand 14557 Ban San Phak Wan Luang
0%
Thailand 9425 Ban San Pong
0%
Thailand 9453 Ban Sathan
0%
India 11374 Bānsbāri
0%
India 103920 Bānsbāria
0%
Thailand 8813 Ban Si Don Chai
0%
Slovakia 9628 Banská Štiavnica
0%
Bulgaria 9058 Bansko
0%
Thailand 17373 Ban Song
0%
Thailand 9245 Ban Son Loi
0%
Thailand 12739 Ban Sop Tia
0%
United Kingdom 16666 Banstead
0%
Thailand 66092 Ban Suan
0%
India 28384 Bānswāda
0%
Philippines 51466 Bantacan
0%
Thailand 79319 Ban Talat Rangsit
0%
Thailand 12252 Ban Tap Tao
0%
Thailand 12760 Ban Tat
0%
Philippines 37118 Bantay
0%
Philippines 86247 Bantayan
0%
Thailand 17880 Ban Tha Kham
0%
Thailand 77243 Ban Tha Khlong
0%
Thailand 13785 Ban Tha Luang Lang
0%
Thailand 16859 Ban Tha Mai I
0%
Thailand 20211 Ban Tha Pha
0%
Thailand 15648 Ban Tha Pho
0%
Thailand 9075 Ban Tha Phra
0%
Thailand 19425 Ban Thap Kwang
0%
Thailand 14270 Ban Tha Thong
0%
Thailand 19902 Ban Tha Ton
0%
Thailand 23392 Ban Thoet Thai
0%
Thailand 17564 Ban Thum
0%
Thailand 10500 Ban Thung Khao Phuang
0%
Thailand 16344 Ban Thung Tam Sao
0%
Thailand 12586 Ban Tom Klang
0%
Thailand 15093 Ban Ton Thong Chai
0%
India 48615 Bantvāl
0%
India 10821 Bānu Chhapra
0%
Thailand 10401 Ban Ueam
0%
Thailand 11091 Ban Wang Daeng
0%
Thailand 26524 Ban Wang Kalang
0%
Thailand 9134 Ban Wang Krachae
0%
Thailand 16310 Ban Wang Nok Aen
0%
Thailand 9016 Ban Wang Pradu
0%
Thailand 9171 Ban Wat Chan
0%
Thailand 41884 Ban Wat Lak Hok
0%
Thailand 8533 Ban Wat Phrik
0%
Thailand 20057 Ban Wat Sala Daeng
0%
Thailand 9572 Ban Wiang Ka Long
0%
Thailand 20252 Ban Wiang Phan
0%
Thailand 10278 Ban Wisit
0%
Thailand 9170 Ban Yaeng
0%
Thailand 11316 Ban Yang Hom
0%
Indonesia 117558 Banyuwangi
0%
China 100000 Banzhuangcun
0%
China 33138 Baocheng
0%
China 10546831 Baoding
0%
China 11897 Baohe
0%
China 35391 Baohezhuangcun
0%
China 3321853 Baojishi
0%
China 2431211 Baoshan
0%
Taiwan 14402 Baoshan
0%
Taiwan 12086 Baozhong
0%
India 70777 Bāpatla
0%
India 35000 Bāpaura
0%
India 67555 Bāprola
0%
Iran 65388 Bāqershahr
0%
India 14429 Baqiābād
0%
Iraq 467900 Ba‘qūbah
0%
Somalia 32800 Baraawe
0%
Indonesia 55687 Barabai
0%
India 146831 Bāra Bankī
0%
India 11261 Bara Belun
0%
Russia 27648 Barabinsk
0%
Cuba 78056 Baracoa
0%
Haiti 31689 Baradères
0%
Argentina 28537 Baradero
0%
India 9822 Baragaon
0%
India 10194 Barāgaon
0%
Kenya 20000 Baragoi
0%
Cuba 32909 Baraguá
0%
India 13017 Bārah
0%
Syria 10353 Bārah
0%
India 13655 Barahari
0%
India 9653 Barahbatta
0%
India 10189 Barāhi
0%
India 11433 Barahkurwa
0%
Dominican Republic 83619 Barahona
0%
India 9364 Barahpur
0%
India 9877 Barahra
0%
India 10255 Barai
0%
India 34236 Baraidih
0%
India 15003 Barajor
0%
Congo (Kinshasa) 120000 Baraka
0%
India 10059 Bāra Khurd
0%
Algeria 123101 Baraki
0%
Afghanistan 15000 Barakī
0%
Afghanistan 22622 Barakī Barak
0%
India 152783 Bārākpur
0%
India 19858 Bara Malehra
0%
Mali 8814 Baramandougou
0%
India 54415 Bārāmati
0%
India 167986 Bāramūla
0%
Spain 19606 Barañáin
0%
Belarus 171361 Baranavichy
0%
Philippines 16639 Barangka
0%
Ukraine 11161 Baranivka
0%
Colombia 51730 Baranoa
0%
Italy 9971 Barano d’Ischia
0%
Italy 11823 Baranzate
0%
Brazil 30778 Barão de Cocais
0%
Brazil 18984 Barão do Grajaú
0%
India 13021 Barāon
0%
Mali 11796 Barapiré
0%
India 9703 Bararam
0%
India 14025 Barāri
0%
Philippines 87637 Baras
0%
Philippines 13484 Baras
0%
India 278435 Bārāsat
0%
India 41877 Barauli
0%
Brazil 18922 Baraúna
0%
Iran 22761 Baravāt
0%
Brazil 125317 Barbacena
0%
Algeria 27000 Barbacha
0%
Colombia 38708 Barbacoas
0%
Venezuela 16469 Barbacoas
0%
Spain 11176 Barbadanes
0%
Brazil 61228 Barbalha
0%
India 8715 Barbana
0%
Philippines 23359 Barbasa
0%
Spain 17558 Barbastro
0%
Spain 22709 Barbate de Franco
0%
Guatemala 61079 Barberena
0%
Italy 10920 Barberino di Mugello
0%
United States 24977 Barberton
0%
South Africa 11997 Barberton
0%
India 50424 Bar Bigha
0%
Colombia 53167 Barbosa
0%
Colombia 29581 Barbosa
0%
Brazil 10795 Barbosa Ferraz
0%
Australia 1243 Barcaldine
0%
Brazil 126650 Barcarena
0%
Italy 39885 Barcellona-Pozzo di Gotto
0%
Portugal 116752 Barcelos
0%
Brazil 18834 Barcelos
0%
Liberia 2733 Barclayville
0%
Hungary 9672 Barcs
0%
Iran 28233 Bardaskan
0%
India 314265 Barddhamān
0%
Slovakia 30267 Bardejov
0%
Nepal 68353 Bardi̇̄bās
0%
India 11239 Bardīha Turki
0%
India 10987 Bardipuram
0%
United States 10095 Bardmoor
0%
India 475963 Bārdoli
0%
Iran 25152 Bardsīr
0%
United States 13673 Bardstown
0%
Italy 17213 Bareggio
0%
India 9716 Bareh
0%
India 20000 Bareja
0%
India 14361 Barela
0%
Netherlands 48643 Barendrecht
0%
France 12227 Barentin
0%
Eritrea 18500 Barentu
0%
India 9562 Baretha
0%
Italy 9415 Barga
0%
India 11354 Bargaon
0%
India 8587 Bargaon
0%
India 80625 Bargarh
0%
Spain 11099 Bargas
0%
United States 10163 Bargersville
0%
India 13742 Barghāt
0%
Senegal 36516 Bargny
0%
United Kingdom 11864 Bargoed
0%
Germany 16320 Bargteheide
0%
Bangladesh 33235 Barguna
0%
India 16608 Bargūr
0%
Nepal 33653 Bārhadashi̇̄
0%
India 8916 Barhagarh
0%
India 20764 Barhampur
0%
India 18119 Barhampur
0%
India 17563 Barhampur
0%
India 10606 Barharia
0%
India 14863 Barharwā
0%
India 16288 Barharwa Kalān
0%
India 12827 Barhauna
0%
India 8887 Barhauna
0%
India 43032 Barhiya
0%
India 14492 Barhni
0%
Vietnam 235192 Bà Rịa
0%
Tanzania 260927 Bariadi
0%
India 14287 Bariariyā
0%
India 9159 Bariariya Tola Rājpur
0%
India 21446 Bariārpur
0%
India 16614 Bariārpur
0%
India 10924 Bariārpur Kāndh
0%
India 11324 Bārīgarh
0%
Nepal 18083 Barīkot
0%
Philippines 80715 Barili
0%
Venezuela 397279 Barinas
0%
India 116874 Baripāda
0%
Philippines 36143 Barira
0%
Brazil 35558 Bariri
0%
Bangladesh 230000 Barishal
0%
India 12757 Bariyārpur
0%
Lebanon 12888 Barja
0%
India 9370 Barjhar
0%
India 14012 Barjora
0%
India 11184 Barka Gaon
0%
India 11689 Barkāgaon
0%
India 13365 Barka Parbatta
0%
India 25020 Barki Ballia
0%
United Kingdom 59068 Barking
0%
India 20375 Barki Saria
0%
South Africa 9986 Barkly East
0%
South Africa 20105 Barkly West
0%
India 16568 Barkot
0%
India 14220 Barkuhi
0%
Romania 52475 Bârlad
0%
Germany 9238 Barleben
0%
France 14615 Bar-le-Duc
0%
Italy 92427 Barletta
0%
Poland 13119 Barlinek
0%
India 2537000 Barmhān Kalān
0%
Germany 10683 Barmstedt
0%
India 44996 Barnagar
0%
India 116450 Barnāla
0%
India 9258 Barnāon
0%
Russia 623057 Barnaul
0%
United States 24731 Barnegat
0%
United Kingdom 47359 Barnet
0%
Netherlands 59992 Barneveld
0%
India 9914 Barni
0%
India 16350 Bārnia
0%
Egypt 10 Barnīs
0%
India 106169 Barnoi
0%
United Kingdom 10915 Barnoldswick
0%
Germany 8522 Barntrup
0%
Philippines 53146 Barobo
0%
India 100000 Barod
0%
India 15528 Barod
0%
India 20688 Baroda
0%
India 11815 Barokhar
0%
India 11444 Baroni Khurd
0%
Italy 16805 Baronissi
0%
Philippines 58176 Barotac Nuevo
0%
Philippines 48614 Barotac Viejo
0%
Mali 32739 Barouéli
0%
Philippines 24683 Baroy
0%
India 9344 Barpathār
0%
India 42649 Barpeta
0%
Brazil 36321 Barra Bonita
0%
Brazil 9759 Barracão
0%
Brazil 26026 Barra da Estiva
0%
Brazil 12904 Barra de Santa Rosa
0%
Brazil 16365 Barra de Santo Antônio
0%
Brazil 37597 Barra de São Francisco
0%
Brazil 35307 Barra do Bugres
0%
Brazil 36539 Barra do Choça
0%
Brazil 88492 Barra do Corda
0%
Angola 222528 Barra do Dande
0%
Brazil 69210 Barra do Garças
0%
Brazil 13836 Barra do Mendes
0%
Brazil 92883 Barra do Piraí
0%
Brazil 12225 Barra do Ribeiro
0%
Brazil 41511 Barra dos Coqueiros
0%
Brazil 14912 Barra do Sul
0%
Italy 11813 Barrafranca
0%
Brazil 169894 Barra Mansa
0%
Peru 58749 Barranca
0%
Colombia 300000 Barrancabermeja
0%
Colombia 37554 Barrancas
0%
Colombia 14435 Barranco de Loba
0%
Argentina 54698 Barranqueras
0%
Brazil 47938 Barras
0%
Brazil 15530 Barra Velha
0%
Morocco 168687 Barrechid
0%
Brazil 17024 Barreira
0%
Brazil 131849 Barreiras
0%
Brazil 22579 Barreirinha
0%
Brazil 39669 Barreirinhas
0%
Brazil 42764 Barreiros
0%
Lebanon 40000 Barr Eliâs
0%
Brazil 122485 Barretos
0%
United Kingdom 17610 Barrhead
0%
Brazil 31230 Barrinha
0%
Brazil 13453 Barro Alto
0%
Brazil 11408 Barro Alto
0%
Brazil 15203 Barrocas
0%
Brazil 14476 Barroquinha
0%
Uruguay 31650 Barros Blancos
0%
Brazil 9296 Barros Cassal
0%
Brazil 20080 Barroso
0%
Indonesia 44817 Barru
0%
India 12140 Barsaun
0%
Germany 13148 Barsbüttel
0%
Germany 34955 Barsinghausen
0%
Kyrgyzstan 9533 Barskoon
0%
Germany 13706 Barßel
0%
Kenya 14611 Bartabwa
0%
Iraq 15000 Barţalah
0%
Germany 8681 Barth
0%
Guyana 8532 Bartica
0%
Turkey 81692 Bartın
0%
Cuba 56460 Bartolomé Masó
0%
United Kingdom 11066 Barton upon Humber
0%
United Kingdom 12462 Barton upon Irwell
0%
Poland 22281 Bartoszyce
0%
India 11495 Baruāri
0%
India 12749 Barud
0%
Brazil 316473 Barueri
0%
India 27841 Bārughutu
0%
Philippines 34497 Barugo
0%
India 53128 Bāruipur
0%
India 8811 Bārun
0%
India 26117 Bāruni
0%
Bangladesh 405118 Barura
0%
Venezuela 240755 Baruta
0%
Mongolia 14297 Baruun-Urt
0%
India 17951 Barvāla
0%
Somalia 90000 Barwaaqo
0%
India 9527 Barwādih
0%
India 44297 Barwāh
0%
India 8974 Barwān
0%
India 55504 Barwāni
0%
India 25028 Barwa Sāgar
0%
India 12970 Barwat Pasrāin
0%
United Kingdom 9152 Barwell
0%
Australia 14165 Barwon Heads
0%
Russia 14924 Barysh
0%
Ukraine 11178 Baryshivka
0%
India 8907 Basāha
0%
India 11076 Basaithi
0%
Congo (Kinshasa) 23764 Basankusu
0%
India 12002 Basantpur
0%
India 13409 Basāon
0%
India 9808 Basāpatna
0%
Moldova 8471 Basarabeasca
0%
India 15330 Basārh
0%
India 18639 Basatpur
0%
India 69717 Basavakalyān
0%
India 37699 Basavana Bāgevādi
0%
Argentina 9742 Basavilbaso
0%
Philippines 28531 Basay
0%
India 10923 Basbiti
0%
Philippines 9517 Basco
0%
India 9014 Bāsdeopur
0%
Philippines 56685 Basey
0%
United Kingdom 16207 Basford
0%
Azerbaijan 13260 Baş Göynük
0%
Iran 10764 Bāsht
0%
Ukraine 12180 Bashtanka
0%
Madagascar 12000 Basibasy
0%
Philippines 36911 Basilisa
0%
India 125254 Basīrhat
0%
Philippines 37679 Basista
0%
Turkey 44168 Başkale
0%
Pakistan 10000 Basla
0%
Haiti 50456 Bas Limbé
0%
India 8817 Bāsmanpur
0%
Iran 12692 Bāsmenj
0%
India 9421 Basni
0%
India 85716 Bāsoda
0%
Congo (Kinshasa) 47970 Basoko
0%
India 24808 Bāsopatti
0%
India 8622 Basrūr
0%
Italy 42395 Bassano del Grappa
0%
France 9617 Basse-Goulaine
0%
Belgium 8986 Bassenge
0%
Switzerland 11593 Bassersdorf
0%
India 10360 Bassian
0%
Benin 130770 Bassila
0%
Haiti 33926 Bassin Bleu
0%
Germany 16794 Bassum
0%
Iran 9959 Bastak
0%
Belgium 15894 Bastogne
0%
Brazil 21503 Bastos
0%
Philippines 45133 Basud
0%
India 39607 Bāsudebpur
0%
India 9129 Bāsudebpur
0%
China 167636 Basuo
0%
India 12413 Baswariyā
0%
Cuba 25664 Batabanó
0%
Philippines 55484 Batac
0%
Philippines 22157 Batad
0%
Russia 4266 Batagay
0%
Brazil 23031 Bataguaçu
0%
Brazil 11349 Bataiporã
0%
Serbia 48600 Batajnica
0%
India 183314 Batāla
0%
Brazil 26300 Batalha
0%
Brazil 16448 Batalha
0%
Portugal 15805 Batalha
0%
Indonesia 1196396 Batam Centre
0%
Philippines 33484 Batan
0%
Costa Rica 16532 Batán
0%
Argentina 10152 Batán
0%
Indonesia 136145 Batang
0%
Central African Republic 16420 Batangafo
0%
Philippines 351437 Batangas
0%
Philippines 85439 Batarasa
0%
India 11833 Bataredh
0%
Brazil 62980 Batatais
0%
United States 26730 Batavia
0%
United States 15494 Batavia
0%
Russia 124987 Bataysk
0%
Cameroon 33324 Batcha
0%
United States 11385 Batesville
0%
Pakistan 27083 Batgram
0%
India 25458 Bathnāha
0%
Burkina Faso 17997 Batié
0%
Kyrgyzstan 27730 Batken
0%
Pakistan 73525 Bat Khela
0%
Philippines 33664 Batobato
0%
Serbia 11760 Batočina
0%
Hungary 11118 Bátonyterenye
0%
Cameroon 33594 Batouri
0%
Lebanon 45000 Batroûn
0%
Turkey 307478 Battalgazi
0%
Italy 49415 Battipaglia
0%
India 12697 Battulapalle
0%
Philippines 14610 Batuan
0%
Philippines 13845 Batuan
0%
Chile 16784 Batuco
0%
Iraq 28000 Bāţūfah
0%
Malaysia 133422 Batu Gajah
0%
Malaysia 140000 Batu Pahat
0%
India 17241 Baturbāri
0%
Brazil 35218 Baturité
0%
Israel 128800 Bat Yam
0%
Philippines 90819 Bauan
0%
Philippines 78449 Bauang
0%
Indonesia 152143 Baubau
0%
Timor-Leste 14961 Baucau
0%
India 20424 Baud
0%
Philippines 32021 Bauko
0%
India 14345 Baulia
0%
Germany 28298 Baunatal
0%
Nigeria 197425 Baure
0%
Bolivia 2127 Baures
0%
India 16764 Bāuria
0%
Brazil 366992 Bauru
0%
Latvia 9811 Bauska
0%
Cuba 23557 Bauta
0%
Philippines 35398 Bautista
0%
Kazakhstan 12491 Baūyrzhan Momyshuly
0%
Iran 9776 Bavānāt
0%
Dominican Republic 150000 Bávaro
0%
Russia 21628 Bavly
0%
India 10968 Bāwāli
0%
India 8948 Bawāna
0%
Burma 17237 Bawgalegyi
0%
Ghana 61151 Bawku
0%
Oman 383257 Bawshar
0%
Somalia 25000 Baxdo
0%
China 12039 Baxiangshan
0%
Philippines 8979 Bayabas
0%
Dominican Republic 31889 Bayaguana
0%
Philippines 39150 Bayanan
0%
Philippines 28023 Bayang
0%
China 94445 Bayan Hot
0%
Malaysia 122654 Bayan Lepas
0%
India 9354 Bāyaram
0%
Turkey 269595 Bayat
0%
Philippines 122747 Bayawan
0%
Philippines 111848 Baybay
0%
Turkey 48036 Bayburt
0%
Brazil 82742 Bayeux
0%
France 12754 Bayeux
0%
Kazakhstan 7657 Bayghanīn
0%
Iraq 60000 Bayjī
0%
Russia 12495 Baykalsk
0%
Russia 17833 Baymak
0%
India 15582 Baynāla
0%
Philippines 34519 Bayog
0%
Philippines 67714 Bayombong
0%
United States 23787 Bayonet Point
0%
United States 11218 Bayou Blue
0%
United States 22143 Bayou Cane
0%
United States 24065 Bay Point
0%
Turkmenistan 70376 Bayramaly
0%
Turkey 15760 Bayramiç
0%
Kazakhstan 15124 Bayserke
0%
United States 31275 Bay Shore
0%
United States 18324 Bayshore Gardens
0%
United States 9971 Bay St. Louis
0%
Yemen 41652 Bayt al Faqīh
0%
West Bank 13484 Bayt Jālā
0%
Gaza Strip 89838 Bayt Lāhyā
0%
Syria 15667 Bayt Saḩam
0%
West Bank 13281 Bayt Sāḩūr
0%
West Bank 16977 Bayt Ūmmar
0%
West Bank 26604 Baytūnyā
0%
Philippines 109499 Bayugan
0%
Indonesia 37368 Bayur
0%
United States 15992 Bay Village
0%
India 11666 Bayyanagūdem
0%
India 8953 Bayyavaram
0%
Ukraine 625543 Bazal’tove
0%
Afghanistan 24723 Bāzārak
0%
Afghanistan 65000 Bāzār-e Yakāwlang
0%
Kyrgyzstan 41011 Bazar-Korgon
0%
Iran 29751 Bāzeh Kalāgh
0%
China 23308 Bazhajiemicun
0%
India 10723 Bāzid Chak Kasturi
0%
India 12801 Bāzidpur
0%
India 20000 Bāzidpur Madhaul
0%
Comoros 8952 Bazimini
0%
Vietnam 450000 Bắc Giang
0%
Lebanon 24000 Bcharré
0%
Vietnam 45036 Bắc Kạn
0%
Vietnam 156110 Bạc Liêu
0%
Vietnam 287658 Bắc Ninh
0%
United States 13988 Beach Park
0%
United States 13850 Beachwood
0%
United States 11002 Beachwood
0%
Canada 19277 Beaconsfield
0%
United Kingdom 12081 Beaconsfield
0%
Madagascar 17000 Beahitse
0%
Madagascar 14000 Bealanana
0%
Canada 13323 Beamsville
0%
Madagascar 10000 Beanana
0%
Madagascar 12000 Beandrarezona
0%
Madagascar 18000 Beantake
0%
Spain 13961 Beasain
0%
France 15695 Beaucaire
0%
France 9506 Beauchamp
0%
South Africa 34085 Beaufort West
0%
Canada 13638 Beauharnois
0%
France 9931 Beaumont-sur-Oise
0%
Belgium 9160 Beauraing
0%
France 12430 Beausoleil
0%
France 55906 Beauvais
0%
India 151472 Beāwar
0%
Indonesia 56800 Bebandem
0%
Brazil 77627 Bebedouro
0%
Brazil 53114 Beberibe
0%
United Kingdom 57336 Bebington
0%
Germany 13908 Bebra
0%
Canada 13561 Bécancour
0%
Serbia 30681 Bečej
0%
Colombia 20477 Becerril
0%
Algeria 165627 Béchar
0%
Ghana 17677 Bechem
0%
Algeria 11775 Bechloul
0%
United Kingdom 46844 Beckenham
0%
United States 9451 Beckett Ridge
0%
Germany 14945 Beckingen
0%
Canada 9021 Beckwith
0%
Romania 11260 Beclean
0%
India 13476 Bēdadka
0%
Germany 24645 Bedburg
0%
Germany 13341 Bedburg
0%
Ethiopia 19517 Bedelē
0%
Ethiopia 35294 Bedēsa
0%
Ethiopia 18187 Bedēsa
0%
South Africa 13959 Bedfordview
0%
Madagascar 10000 Bedidy
0%
Côte d’Ivoire 16872 Bédigoazon
0%
United Kingdom 18470 Bedlington
0%
Netherlands 8650 Bedum
0%
United Kingdom 8512 Bedwas
0%
United Kingdom 31090 Bedworth
0%
Poland 55695 Będzin
0%
United States 8580 Beebe
0%
United States 8861 Bee Cave
0%
United States 8507 Beecher
0%
United States 15082 Beech Grove
0%
Netherlands 15875 Beek
0%
Netherlands 22805 Beek en Donk
0%
United States 14057 Beekman
0%
Germany 13794 Beelitz
0%
United States 9921 Bee Ridge
0%
Belgium 15687 Beernem
0%
Belgium 18128 Beerse
0%
Belgium 25069 Beersel
0%
Israel 209000 Beersheba
0%
Israel 29852 Be’er Ya‘aqov
0%
Netherlands 13450 Beesel
0%
United Kingdom 37000 Beeston
0%
United States 13518 Beeville
0%
Madagascar 11812 Befandefa
0%
Madagascar 13000 Befandriana
0%
Madagascar 19000 Befandriana Atsimo
0%
Madagascar 15000 Befasy
0%
Madagascar 13000 Befeta
0%
Madagascar 12000 Befody
0%
Madagascar 20380 Beforona
0%
Madagascar 17000 Befotaka
0%
Madagascar 11666 Befotaka
0%
Madagascar 9000 Befotaka
0%
India 40191 Begamganj
0%
India 12742 Begampur
0%
India 10487 Begampur
0%
Belgium 10053 Begijnendijk
0%
France 30968 Bègles
0%
Madagascar 11146 Begogo
0%
Ghana 48516 Begoro
0%
India 14200 Begowāl
0%
Burkina Faso 21894 Béguédo
0%
India 252008 Begusarai
0%
Madagascar 27285 Behara
0%
Madagascar 14000 Beharona
0%
India 21059 Behat
0%
Iran 122604 Behbahān
0%
Madagascar 10000 Beheloka
0%
Madagascar 18000 Behenjy
0%
Madagascar 15000 Behisatse
0%
India 29531 Behror
0%
Iran 94702 Behshahr
0%
China 308237 Beian
0%
Taiwan 8633 Beibu
0%
China 195229 Beichengqu
0%
China 230000 Beidao
0%
Taiwan 33289 Beidou
0%
China 24765 Beifan
0%
Taiwan 37763 Beigang
0%
China 44358 Beigangwa
0%
China 1680000 Beihai
0%
China 52752 Beihu
0%
Netherlands 14089 Beilen
0%
Germany 10282 Beilngries
0%
Taiwan 16798 Beinan
0%
Italy 17406 Beinasco
0%
China 422289 Beining
0%
China 439998 Beipiao
0%
Mozambique 530604 Beira
0%
Zimbabwe 58100 Beitbridge
0%
Romania 9745 Beiuş
0%
China 13980 Beiwusidui
0%
China 22682 Beixingzhuang
0%
China 36241 Beiya
0%
China 14900 Beizhou
0%
China 31139 Beizhuang
0%
Spain 12269 Béjar
0%
Indonesia 171660 Beji
0%
Madagascar 13000 Bejofo
0%
Cuba 28205 Bejucal
0%
Kyrgyzstan 11476 Bek-Abad
0%
Tunisia 20506 Bekalta
0%
Madagascar 12000 Bekapaika
0%
Madagascar 20000 Bekatra Maromiandra
0%
Hungary 17526 Békés
0%
Hungary 54460 Békéscsaba
0%
Madagascar 4286 Bekily
0%
Madagascar 14000 Bekipay
0%
Madagascar 16000 Bekitro
0%
Algeria 9917 Bekkaria
0%
India 15700 Beko
0%
Uzbekistan 96900 Bekobod
0%
Madagascar 10000 Bekodoka
0%
Ethiopia 16730 Bek’ojī
0%
Madagascar 9000 Bekopaka
0%
Madagascar 32000 Bekoratsaka
0%
Cameroon 22553 Bélabo
0%
Serbia 10675 Bela Crkva
0%
Brazil 32775 Bela Cruz
0%
India 11798 Beladi
0%
India 12603 Belagal
0%
India 10121 Belagola
0%
United States 8654 Bel Aire
0%
United States 31599 Bel Air North
0%
United States 57702 Bel Air South
0%
India 17615 Belākoba
0%
India 9151 Belakvādi
0%
Colombia 36628 Belalcázar
0%
Colombia 9690 Belalcázar
0%
Madagascar 14000 Belambo
0%
Madagascar 19000 Belamoty
0%
India 55841 Belampalli
0%
Madagascar 11976 Belampona
0%
India 10464 Belāo
0%
Serbia 12126 Bela Palanka
0%
India 15293 Belāri
0%
Angola 500000 Belas
0%
Portugal 21172 Belas
0%
India 12805 Bela Simri
0%
India 11222 Belauncha
0%
India 15789 Belaur
0%
Madagascar 10000 Belavabary
0%
Brazil 21613 Bela Vista
0%
Brazil 34445 Bela Vista de Goiás
0%
Brazil 10167 Bela Vista de Minas
0%
Brazil 14833 Bela Vista do Paraíso
0%
Russia 9203 Belaya Glina
0%
Russia 40448 Belaya Kalitva
0%
Madagascar 14332 Belazao
0%
Poland 54338 Bełchatów
0%
United States 15366 Belchertown
0%
North Macedonia 297 Belčišta
0%
India 29205 Beldānga
0%
India 15265 Beldānga
0%
India 19737 Beldaur
0%
Turkey 11278 Beldibi
0%
Russia 59195 Belebey
0%
Somalia 62945 Beledweyne
0%
Turkey 9102 Belek
0%
Brazil 10378 Belém de Maria
0%
Brazil 18301 Belém de São Francisco
0%
Madagascar 13000 Belemoka
0%
Argentina 54678 Belén de Escobar
0%
Colombia 11081 Belén de los Andaquíes
0%
Colombia 25276 Belén de Umbría
0%
Russia 12746 Belëv
0%
India 488157 Belgaum
0%
United Kingdom 11558 Belgrave
0%
India 8656 Belhatti
0%
India 32635 Belhi
0%
Algeria 10301 Bel Imour
0%
Russia 8656 Belinskiy
0%
Madagascar 9000 Belinta
0%
Croatia 8884 Belišće
0%
Philippines 14129 Belison
0%
Bulgaria 9801 Belitsa
0%
Algeria 14979 Belkheir
0%
Morocco 36774 Bellaa
0%
Algeria 14666 Bellaa
0%
Haiti 86612 Belladère
0%
United States 17116 Bellaire
0%
United States 13887 Bellair-Meadowbrook Terrace
0%
India 10169 Bellamkonda
0%
India 410445 Bellary
0%
India 15000 Bellatti
0%
Uruguay 12200 Bella Unión
0%
Haiti 51707 Belle-Anse
0%
United States 14051 Bellefontaine
0%
United States 10562 Bellefontaine Neighbors
0%
France 11450 Bellegarde-sur-Valserine
0%
United States 16818 Belle Glade
0%
France 8898 Bellerive-sur-Allier
0%
France 9270 Belley
0%
United States 77396 Bellflower
0%
United States 38661 Bell Gardens
0%
Germany 8911 Bellheim
0%
Italy 9407 Bellinzago Novarese
0%
Switzerland 43785 Bellinzona
0%
United States 11678 Bellmawr
0%
United States 10550 Bellmead
0%
United States 15652 Bellmore
0%
United Kingdom 20290 Bellshill
0%
Italy 35529 Belluno
0%
United States 25051 Bellview
0%
Argentina 33835 Bell Ville
0%
United States 18373 Bellwood
0%
India 10220 Belma
0%
Brazil 20121 Belmonte
0%
Italy 10858 Belmonte Mezzagno
0%
Madagascar 18000 Belobaka
0%
Madagascar 12000 Belobaka
0%
Brazil 18412 Belo Campo
0%
Russia 60350 Belogorsk
0%
United States 36554 Beloit
0%
Brazil 79507 Belo Jardim
0%
Russia 15179 Belokurikha
0%
Russia 7407 Belomorsk
0%
India 21176 Belonia
0%
Brazil 23928 Belo Oriente
0%
Russia 13455 Beloozërskiy
0%
Russia 55010 Belorechensk
0%
Russia 64525 Beloretsk
0%
Madagascar 72000 Belo Tsiribihina
0%
Russia 10980 Belousovo
0%
Brazil 8627 Belo Vale
0%
Russia 11900 Belovo
0%
Kyrgyzstan 21275 Belovodskoe
0%
Russia 19994 Beloyarskiy
0%
India 10016 Belpāra
0%
Italy 27977 Belpasso
0%
United Kingdom 21440 Belper
0%
India 13011 Belpukur
0%
India 23548 Belsand
0%
India 13949 Belsandi Tāra
0%
India 9703 Belsara
0%
Albania 8781 Belsh
0%
India 9642 Beltangadi
0%
Brazil 18099 Belterra
0%
Slovenia 2430 Beltinci
0%
United States 24618 Belton
0%
United States 23769 Belton
0%
United States 19086 Beltsville
0%
India 20225 Belūr
0%
India 11895 Belūr
0%
India 8647 Belvādi
0%
Italy 8905 Belvedere Marittimo
0%
United States 14422 Belvedere Park
0%
United States 24510 Belvidere
0%
India 12200 Belwa
0%
India 13951 Belwāra
0%
Germany 11172 Belzig
0%
Mali 25749 Béma
0%
Madagascar 9000 Bemaharivo
0%
Madagascar 18000 Bemahatazana-Belobaka
0%
Madagascar 13000 Bemanevika
0%
Madagascar 22000 Bemanonga
0%
Madagascar 9091 Bemarivo
0%
Benin 31101 Bembèrèkè
0%
Burkina Faso 11963 Béna
0%
Spain 12336 Benaguacil
0%
Spain 9077 Benahavís
0%
Morocco 33469 Ben Ahmed
0%
Algeria 13200 Benairia
0%
Algeria 18838 Ben ’Aknoûn
0%
Australia 10330 Benalla
0%
Spain 77654 Benalmádena
0%
Bangladesh 36524 Benāpol
0%
Tunisia 96606 Ben Arous
0%
Madagascar 9000 Benato-Toby
0%
India 13408 Benaulim
0%
Portugal 29019 Benavente
0%
Spain 17246 Benavente
0%
United States 24430 Benbrook
0%
China 9408 Benbutucun
0%
Algeria 8946 Ben Chicao
0%
Algeria 17953 Ben Daoud
0%
India 9247 Bendapūdi
0%
India 9418 Bendarhalli
0%
Germany 17208 Bendorf
0%
Mali 10752 Bendougouba
0%
India 9639 Bendrahallī
0%
Israel 193774 Bené Beraq
0%
Slovenia 1078 Benedikt
0%
Brazil 9929 Beneditinos
0%
Brazil 10520 Benedito Novo
0%
Mexico 10026 Benemérito
0%
Madagascar 39766 Benenitra
0%
Czechia 17035 Benešov
0%
Spain 16322 Benetúser
0%
Italy 58418 Benevento
0%
Brazil 63567 Benevides
0%
Algeria 14565 Benfreha
0%
Tunisia 87404 Ben Gardane
0%
Indonesia 66211 Bengkalis
0%
Equatorial Guinea 15644 Bengonbeyene
0%
Sierra Leone 30268 Benguema
0%
Morocco 114872 Ben Guerir
0%
China 29295 Benhao
0%
Algeria 10885 Beni Abbès
0%
Spain 11233 Beniaján
0%
Algeria 23621 Beni Amrane
0%
Spain 29607 Benicarló
0%
Spain 20322 Benicasim
0%
Algeria 21551 Beni Douala
0%
Spain 11535 Beniel
0%
Morocco 50508 Beni Enzar
0%
Spain 12130 Benifayó
0%
Algeria 17667 Beni Fouda
0%
Algeria 20853 Beni Haoua
0%
Tunisia 8801 Beni Hassane
0%
Tunisia 23356 Beni Khalled
0%
Tunisia 30036 Beni Khiar
0%
Algeria 21457 Beni Mered
0%
Morocco 8967 Beni Oulid
0%
Algeria 11209 Beni Ounif
0%
India 14806 Benipati
0%
Algeria 23449 Beni Rached
0%
Spain 12317 Benisa
0%
Algeria 43802 Beni Saf
0%
Algeria 33779 Beni Slimane
0%
Algeria 33846 Beni Tamou
0%
Mexico 17618 Benito Juárez
0%
Argentina 14279 Benito Juárez
0%
Philippines 29752 Benito Soliven
0%
Morocco 117653 Beni Yakhlef
0%
Morocco 16241 Beni Zouli
0%
Paraguay 16248 Benjamín Aceval
0%
Brazil 37648 Benjamin Constant
0%
Croatia 9680 Benkovac
0%
Tunisia 15792 Bennane
0%
Algeria 10330 Ben Nasseur
0%
Algeria 9985 Ben N’Choud
0%
United States 8748 Benner
0%
South Africa 158777 Benoni
0%
Chad 12097 Benoy
0%
Morocco 10115 Ben Qarrich
0%
United States 62689 Bensalem
0%
Algeria 13130 Bensekrane
0%
Germany 41758 Bensheim
0%
Morocco 36977 Benslimane
0%
Liberia 4089 Bensonville
0%
United States 14792 Bensville
0%
Morocco 15002 Ben Taieb
0%
South Sudan 7781 Bentiu
0%
Lebanon 30000 Bent Jbaïl
0%
United Kingdom 12048 Bentley
0%
Brazil 123151 Bento Gonçalves
0%
United States 9023 Benton Harbor
0%
Sri Lanka 37000 Bentota
0%
Indonesia 24245 Benua Baru
0%
China 1326018 Benxi
0%
Algeria 10222 Benyahia Abderrahmane
0%
Israel 42314 Ben Zakkay
0%
Serbia 8058 Beočin
0%
India 26413 Beohāri
0%
Madagascar 9000 Beparasy
0%
Brazil 19584 Bequimão
0%
Madagascar 14000 Beraketa
0%
Madagascar 26273 Beramanja
0%
Montenegro 11073 Berane
0%
Indonesia 48244 Berastagi
0%
Argentina 180523 Berazategui
0%
Central African Republic 76918 Berbérati
0%
Romania 13766 Berceni
0%
Belgium 43180 Berchem
0%
India 9543 Berchha
0%
Germany 9063 Berching
0%
France 12967 Berck-sur-Mer
0%
Azerbaijan 38500 Bərdə
0%
Ukraine 106311 Berdiansk
0%
Russia 102760 Berdsk
0%
Ukraine 73046 Berdychiv
0%
Burkina Faso 9036 Bérégadougou
0%
Ukraine 23325 Berehove
0%
Turkmenistan 24500 Bereket
0%
Ghana 62364 Berekum
0%
Hungary 13999 Berettyóújfalu
0%
Ukraine 16047 Berezan
0%
Ukraine 17139 Berezhany
0%
Ukraine 9428 Berezivka
0%
Ukraine 13126 Berezne
0%
Russia 134098 Berezniki
0%
Russia 60566 Berëzovskiy
0%
Russia 21900 Berëzovskiy
0%
Turkey 105754 Bergama
0%
Netherlands 9801 Bergambacht
0%
Netherlands 18754 Bergeijk
0%
Netherlands 67514 Bergen op Zoom
0%
Germany 49475 Bergkamen
0%
Germany 18621 Bergneustadt
0%
Algeria 23620 Berhoum
0%
India 9855 Bērikai
0%
Brazil 9826 Berilo
0%
Belgium 46065 Beringen
0%
Russia 1861 Beringovskiy
0%
Argentina 88470 Berisso
0%
Spain 12939 Berja
0%
Morocco 99069 Berkane
0%
United States 13121 Berkeley Heights
0%
United Kingdom 18100 Berkhampstead
0%
Morocco 9469 Berkine
0%
Bulgaria 12589 Berkovitsa
0%
Belgium 11656 Berlaar
0%
Belgium 14849 Berlare
0%
Bolivia 28285 Bermejo
0%
Spain 17042 Bermeo
0%
India 22396 Bermo
0%
Italy 11968 Bernalda
0%
Brazil 11157 Bernardino de Campos
0%
Argentina 10889 Bernardo de Irigoyen
0%
United States 27840 Bernards
0%
France 9801 Bernay
0%
Germany 32106 Bernburg
0%
Austria 9064 Berndorf
0%
Switzerland 10233 Bernex
0%
Belgium 11878 Bernissart
0%
Slovakia 8801 Bernolákovo
0%
Madagascar 14148 Beronono
0%
Czechia 21272 Beroun
0%
North Macedonia 5850 Berovo
0%
Madagascar 15000 Beroy Atsimo
0%
France 13941 Berre-l’Étang
0%
Algeria 30200 Berriane
0%
Algeria 16274 Berriche
0%
Mexico 36084 Berriozábal
0%
Spain 11201 Berriozar
0%
Algeria 118678 Berrouaghia
0%
Germany 8844 Bersenbrück
0%
Ukraine 11742 Bershad
0%
Belgium 9958 Bertem
0%
United States 11684 Berthoud
0%
Italy 11026 Bertinoro
0%
Brazil 64188 Bertioga
0%
Cameroon 88462 Bertoua
0%
Belgium 8763 Bertrix
0%
India 41593 Berubāri
0%
Uzbekistan 55900 Beruniy
0%
Brazil 20718 Beruri
0%
Ukraine 11895 Beryslav
0%
India 10669 Besagarahalli
0%
Madagascar 11331 Besalampy
0%
Italy 15394 Besana in Brianza
0%
India 13384 Besārh
0%
Uzbekistan 22800 Beshariq
0%
Uzbekistan 18900 Beshkent Shahri
0%
Germany 12923 Besigheim
0%
Turkey 23774 Beşikdüzü
0%
Turkey 11120 Beşiri
0%
Turkey 37323 Besni
0%
Italy 8711 Besozzo
0%
France 8521 Bessancourt
0%
Russia 13775 Bessonovka
0%
India 51062 Bestavārapeta
0%
Germany 9209 Bestensee
0%
Kazakhstan 7189 Bestöbe
0%
Germany 10677 Bestwig
0%
Madagascar 34336 Betafo
0%
India 38994 Betamcherla
0%
Colombia 9286 Betania
0%
Brazil 11232 Betânia
0%
Madagascar 16000 Betanty
0%
Spain 13261 Betanzos
0%
Bolivia 4632 Betanzos
0%
Madagascar 13112 Betatao
0%
Spain 27584 Bétera
0%
Benin 15236 Bétérou
0%
United States 9244 Bethalto
0%
Namibia 3900 Bethanie
0%
United States 31700 Bethany
0%
United States 20606 Bethany
0%
South Africa 182012 Bethelsdorp
0%
United States 17334 Bethpage
0%
South Africa 16000 Bethulie
0%
France 25342 Béthune
0%
Brazil 306675 Betim
0%
Kiribati 17356 Betio
0%
India 12529 Betma
0%
India 11606 Betmangala
0%
India 10000 Betnoti
0%
Thailand 24688 Betong
0%
Congo (Brazzaville) 59563 Bétou
0%
Madagascar 10000 Betrandraka
0%
Madagascar 17327 Betroka
0%
Israel 18200 Bet She’an
0%
Israel 118700 Bet Shemesh
0%
Madagascar 10661 Betsiaka
0%
Madagascar 394561 Betsiboka
0%
Madagascar 22409 Betsizaraina
0%
Japan 14828 Betsukai
0%
United States 39297 Bettendorf
0%
India 414453 Bettiah
0%
Algeria 18215 Bettioua
0%
France 12775 Betton
0%
India 153330 Betūl Bazār
0%
Colombia 17317 Betulia
0%
Indonesia 43016 Betun
0%
Germany 10401 Betzdorf
0%
Netherlands 26157 Beuningen
0%
Germany 8622 Beutelsbach
0%
France 9078 Beuvry
0%
Madagascar 11000 Bevata
0%
Madagascar 14000 Bevato
0%
Belgium 50281 Beveren
0%
Germany 13694 Beverstedt
0%
Germany 13277 Beverungen
0%
Netherlands 41863 Beverwijk
0%
Madagascar 15000 Bevoay
0%
Madagascar 16000 Bevonotra
0%
United Kingdom 9262 Bewdley
0%
Germany 17663 Bexbach
0%
United States 13324 Bexley
0%
United Kingdom 15600 Bexleyheath
0%
Turkey 12030 Beydağ
0%
Turkey 247875 Beykoz
0%
Guinea 13204 Beyla
0%
Azerbaijan 12263 Beyləqan
0%
Turkey 415290 Beylikdüzü
0%
Eritrea 14055 Bēylul
0%
Belgium 12019 Beyne-Heusay
0%
Kazakhstan 40344 Beyneū
0%
Turkey 48357 Beypazarı
0%
India 66883 Beypore
0%
Turkey 77690 Beyşehir
0%
Madagascar 19000 Bezaha
0%
Brazil 57371 Bezerros
0%
Russia 21466 Bezhetsk
0%
Ukraine 9135 Bezliudivka
0%
France 34314 Bezons
0%
Morocco 13602 Bezou
0%
India 11465 Bhabānipur
0%
India 61999 Bhabhua
0%
India 180000 Bhachāu
0%
India 9275 Bhachhi
0%
India 12228 Bhachhi Asli
0%
India 75376 Bhadarwāh
0%
India 22866 Bhadās
0%
India 18561 Bhadaur
0%
India 94620 Bhadohi
0%
India 9944 Bhado Khara
0%
India 50087 Bhadrāchalam
0%
India 122119 Bhadrakh
0%
India 9273 Bhādran
0%
Nepal 18164 Bhadrapur
0%
India 212073 Bhadrāvati
0%
India 101477 Bhadreswar
0%
India 9884 Bhadsara
0%
India 8906 Bhadwār
0%
India 17397 Bhagabānpur
0%
India 410210 Bhāgalpur
0%
India 8875 Bhagatpur
0%
India 10125 Bhagirathpur
0%
India 9636 Bhāgsar
0%
India 15587 Bhagta
0%
India 15587 Bhagwāngola
0%
India 12079 Bhagwānpur Desua
0%
India 12805 Bhagwānpur Khurd
0%
India 11369 Bhagwatpur
0%
India 49764 Bhainsa
0%
India 11656 Bhainsahi
0%
India 20811 Bhainsdehi
0%
India 16818 Bhainsoda
0%
Nepal 63483 Bhairāhawā
0%
India 12095 Bhairāpura
0%
Nepal 21233 Bhairi̇̄
0%
India 16561 Bhai Rupa
0%
India 12175 Bhaisālotan
0%
Nepal 52128 Bhajani
0%
Pakistan 88472 Bhakkar
0%
Nepal 81748 Bhaktapur
0%
India 13449 Bhakua
0%
Morocco 13727 Bhalil
0%
India 46322 Bhālki
0%
India 10732 Bhālpatti
0%
India 151427 Bhālswa Jahangirpur
0%
India 20000 Bhaluhār
0%
Pakistan 82556 Bhalwal
0%
India 18050 Bhambia Bhai
0%
Burma 54721 Bhamo
0%
India 12443 Bhanas Hivre
0%
Bangladesh 145233 Bhāndāria
0%
India 11151 Bhandārso
0%
India 27287 Bhānder
0%
India 634107 Bhāngar
0%
India 10966 Bhangha
0%
India 10773 Bhanghi
0%
India 12165 Bhankarpur
0%
India 21772 Bhānpura
0%
India 11898 Bhansia
0%
India 14340 Bhānukumāri
0%
India 15309 Bhānumukkala
0%
India 8706 Bhānuvalli
0%
India 22142 Bhānvad
0%
India 15715 Bharanikāvu Tekku
0%
Bangladesh 44656 Bhārella
0%
India 9138 Bhargaon
0%
India 9903 Bharhopur
0%
India 8735 Bharno
0%
India 12062 Bharokhara
0%
India 158253 Bharūch
0%
India 12103 Bharwelī
0%
India 8781 Bhāsaula Dānāpur
0%
India 19946 Bhasāwar
0%
India 8870 Bhatauliā
0%
India 285813 Bhatinda
0%
India 47748 Bhatkal
0%
India 8672 Bhatkhori
0%
India 42387 Bhatpalli
0%
India 386019 Bhātpāra
0%
India 22255 Bhatpurī
0%
India 15090 Bhatranha
0%
India 11092 Bhattiprolu
0%
India 70000 Bhattu Kolān
0%
India 10672 Bhaur
0%
India 10769 Bhaurādah
0%
India 51186 Bhavāni
0%
India 643382 Bhāvnagar
0%
Pakistan 373841 Bhawana
0%
India 9603 Bhawānandpur
0%
India 22320 Bhawānīgarh
0%
India 69045 Bhawānipatna
0%
India 18384 Bhawānīpur
0%
India 16843 Bhawānīpur
0%
India 9971 Bhawānīpur
0%
India 50234 Bhawānīpur Rājdhām
0%
India 45000 Bhāyala
0%
India 809378 Bhayandar
0%
India 12471 Bheja
0%
India 8945 Bhelsi
0%
India 25500 Bhīkhi
0%
India 10269 Bhikkiwind Uttār
0%
India 107170 Bhilai Karanja
0%
India 11273 Bhilavadi
0%
India 16074 Bhiloda
0%
India 709483 Bhīlwāra
0%
India 13669 Bhīmadolu
0%
India 142184 Bhīmavaram
0%
Pakistan 27636 Bhimbar
0%
Nepal 15000 Bhimphedi
0%
India 55082 Bhīmunipatnam
0%
India 197585 Bhind
0%
India 22904 Bhirāha
0%
India 8974 Bhirua
0%
South Africa 11192 Bhisho
0%
India 20148 Bhitarwār
0%
India 15660 Bhit Bhagwānpur
0%
India 709665 Bhiwandi
0%
India 197662 Bhiwāni
0%
India 9341 Bhogāpuram
0%
India 13893 Bhogpur
0%
India 15110 Bhoj
0%
India 19281 Bhojpur Jadīd
0%
India 20474 Bhojpur Kadīm
0%
Bangladesh 87243 Bhola
0%
India 19327 Bholsar
0%
India 53339 Bhongīr
0%
India 10494 Bhopālia
0%
India 20036 Bhopatpur
0%
India 837737 Bhubaneshwar
0%
India 17484 Bhucho Mandi
0%
India 8735 Bhui
0%
India 188236 Bhuj
0%
India 14174 Bhulwāl
0%
India 187421 Bhusāval
0%
Poland 55429 Biała Podlaska
0%
Poland 23142 Białogard
0%
Poland 14278 Biały Kamień
0%
Italy 22918 Biancavilla
0%
China 10183 Biandanshan
0%
Côte d’Ivoire 71470 Biankouma
0%
China 56451 Bianyang
0%
India 50061 Biaora
0%
Italy 12305 Biassono
0%
Hungary 15338 Biatorbágy
0%
Japan 20507 Bibai
0%
Angola 10500 Bibala
0%
Italy 10140 Bibbiano
0%
Italy 11833 Bibbiena
0%
Cameroon 133191 Bibémi
0%
Switzerland 8567 Biberist
0%
India 35105 Bibhutpur
0%
India 11840 Bībīpet
0%
Germany 9145 Biblis
0%
Brazil 14554 Bicas
0%
Ethiopia 19916 Bichena
0%
Australia 797 Bicheno
0%
India 13213 Bichkunda
0%
United Kingdom 12456 Bickenhill
0%
United Kingdom 13904 Bickley
0%
Hungary 11248 Bicske
0%
Nigeria 173849 Bida
0%
India 172298 Bīdar
0%
United Kingdom 19633 Biddulph
0%
India 11369 Biddupur
0%
India 13796 Bideipur
0%
Iran 18060 Bīdestān
0%
Iran 8886 Bīdkhūn
0%
India 19596 Bidkingaon
0%
United Kingdom 15216 Bidston
0%
Nepal 26750 Bidur
0%
Malaysia 25000 Bidur
0%
Germany 10074 Bieber
0%
Germany 13717 Biedenkopf
0%
Germany 8699 Biederitz
0%
Japan 9775 Biei
0%
Poland 28896 Bielawa
0%
Italy 42619 Biella
0%
Poland 169089 Bielsko-Biała
0%
Poland 24633 Bielsk Podlaski
0%
Italy 8602 Bientina
0%
Philippines 26666 Bien Unido
0%
Belgium 10025 Bierbeek
0%
Poland 19334 Bieruń
0%
Poland 19100 Bieruń Stary
0%
China 8538 Bifeng
0%
Gabon 134 Bifoun
0%
Turkey 57125 Biga
0%
Turkey 48917 Bigadiç
0%
France 11303 Biganos
0%
United States 12493 Big Bear City
0%
United Kingdom 22541 Biggleswade
0%
Philippines 49716 Bignay
0%
Senegal 22237 Bignona
0%
Brazil 69486 Biguaçu
0%
Tanzania 24573 Biharamulo
0%
India 12843 Bihārīganj
0%
India 46012 Bihāt
0%
India 27322 Bihpur
0%
India 14345 Bihpuriāgaon
0%
India 617427 Bihtā
0%
India 13349 Bijai
0%
India 14555 Bijaipur
0%
India 327427 Bijāpur
0%
Iran 53871 Bījār
0%
India 24306 Bijāwar
0%
India 100000 Bijaynagar
0%
India 26128 Bijbiāra
0%
Montenegro 12900 Bijelo Polje
0%
India 9449 Bijeraghogarh
0%
China 270310 Bijiao
0%
China 6686100 Bijie
0%
India 16589 Bijni
0%
India 115381 Bijnor
0%
India 529007 Bīkaner
0%
Russia 1126 Bikin
0%
India 8941 Bikkatti
0%
India 14278 Bikkavolu
0%
India 11787 Biknūr
0%
China 16247 Bikou
0%
India 50698 Bikramganj
0%
India 8653 Bikrampur Bānde
0%
Philippines 18512 Bilar
0%
India 71396 Bilāra
0%
India 41145 Bilāsipāra
0%
India 13654 Bilaspur
0%
India 1625502 Bilāspur
0%
India 9620 Bilāspur
0%
Ukraine 207273 Bila Tserkva
0%
India 15102 Bilaua
0%
India 11916 Bilauri
0%
Egypt 141285 Bilbays
0%
Bosnia and Herzegovina 10807 Bileća
0%
Azerbaijan 45008 Biləcəri
0%
Turkey 74457 Bilecik
0%
India 9894 Bilehra
0%
Iran 16188 Bīleh Savār
0%
Ukraine 9441 Bilenke
0%
Azerbaijan 20098 Biləsuvar
0%
India 10125 Bilga
0%
India 15454 Bilgi
0%
Poland 25459 Biłgoraj
0%
Ukraine 47727 Bilhorod-Dnistrovskyi
0%
Ukraine 12355 Biliaivka
0%
Russia 5449 Bilibino
0%
India 57583 Bilimora
0%
Czechia 14580 Bílina
0%
Philippines 17662 Biliran
0%
Somalia 55000 Bilis Qooqaani
0%
India 15223 Billapādu
0%
Sweden 10289 Billdal
0%
Germany 11790 Billerbeck
0%
France 14037 Billère
0%
Argentina 19138 Billinghurst
0%
Ukraine 16354 Bilohirsk
0%
Ukraine 21367 Bilohorodka
0%
Ukraine 15600 Bilopillya
0%
Ukraine 9258 Bilozerka
0%
Ukraine 14634 Bilozerske
0%
Ukraine 8506 Biloziria
0%
India 15601 Bilpura
0%
United Kingdom 25576 Bilston
0%
Netherlands 21984 Bilthoven
0%
Chad 11840 Biltine
0%
Nicaragua 86279 Bilwi
0%
Belgium 32318 Bilzen
0%
India 9086 Bimāwān
0%
India 15446 Bīmgal
0%
India 9476 Bimun
0%
India 15079 Bina
0%
Philippines 71407 Binalbagan
0%
Philippines 56382 Binalonan
0%
Philippines 407437 Biñan
0%
Philippines 313631 Binangonan
0%
Canada 10791 Binbrook
0%
Belgium 33598 Binche
0%
Burkina Faso 36518 Bindé
0%
India 36926 Bindki
0%
Zimbabwe 50400 Bindura
0%
Spain 10118 Binéfar
0%
Azerbaijan 37100 Binəqədi
0%
United Kingdom 9938 Binfield
0%
Congo (Kinshasa) 64639 Binga
0%
Philippines 16164 Bingawan
0%
Germany 26339 Bingen am Rhein
0%
Côte d’Ivoire 204656 Bingerville
0%
United Kingdom 23274 Bingley
0%
China 45094 Bingmei
0%
Turkey 133423 Bingöl
0%
Vietnam 105982 Bình Hòa
0%
Vietnam 23398 Bình Hòa
0%
Vietnam 105520 Bình Long
0%
Vietnam 18105 Bình Minh
0%
Côte d’Ivoire 28499 Bin-Houyé
0%
Philippines 25965 Binidayan
0%
Spain 9281 Binisalem
0%
Indonesia 269053 Binjai
0%
India 19191 Binka
0%
Sierra Leone 13867 Binkolo
0%
Philippines 86881 Binmaley
0%
India 58840 Binnāguri
0%
Switzerland 15675 Binningen
0%
Syria 21848 Binnish
0%
Philippines 20491 Binondo
0%
Malaysia 114058 Bintulu
0%
Indonesia 34192 Bintuni
0%
China 300226 Binxian
0%
Uganda 12000 Binyin
0%
France 10196 Biot
0%
Morocco 13885 Biougra
0%
Libya 45421 Birāk
0%
Egypt 15574 Bi’r al ‘Abd
0%
Tunisia 54143 Bir Ali Ben Khalifa
0%
India 305638 Birania
0%
Morocco 2962 Bir Anzarane
0%
Nepal 242548 Birāṭnagar
0%
Algeria 10543 Bir Ben Laabed
0%
United States 11103 Birch Bay
0%
United Kingdom 9961 Birchington
0%
India 12083 Birdāban
0%
Turkey 93866 Birecik
0%
Algeria 77727 Bir el Ater
0%
Algeria 171883 Bir el Djir
0%
Nepal 47914 Birendranagar
0%
Nepal 135904 Birgañj
0%
Algeria 11016 Bir Ghbalou
0%
Brazil 118979 Birigui
0%
Algeria 26670 Birine
0%
Brazil 32936 Biritiba-Mirim
0%
Brazil 15146 Biritinga
0%
Iran 203636 Bīrjand
0%
Morocco 30247 Bir Jdid
0%
Algeria 19622 Bir Kasdali
0%
Egypt 330847 Birkat as Sab‘
0%
Germany 9992 Birkenau
0%
Denmark 20853 Birkerød
0%
Algeria 77749 Birkhadem
0%
India 38870 Birmitrapur
0%
Mauritania 3897 Bîr Mogreïn
0%
India 18758 Birnagar
0%
Benin 12559 Birni
0%
Benin 9946 Birni Lafia
0%
Nigeria 108164 Birnin Kebbi
0%
Niger 65252 Birnin Konni
0%
Benin 18003 Biro
0%
Russia 73623 Birobidzhan
0%
India 23736 Bīrpur
0%
India 20281 Bīrpur
0%
India 18989 Bīrpur
0%
India 10969 Bīrpur
0%
India 8832 Bīrpur
0%
India 9831 Bīrpur Bārāpatti Pindraun
0%
Egypt 14172 Birqāsh
0%
Switzerland 10299 Birsfelden
0%
India 16286 Birsinghpur
0%
Russia 44295 Birsk
0%
United Kingdom 16298 Birstall
0%
United Kingdom 14143 Birstall
0%
Lithuania 3094 Birštonas
0%
Morocco 8954 Bir Tam Tam
0%
Algeria 30575 Birtouta
0%
India 29966 Birūr
0%
Russia 8416 Biryusinsk
0%
Lithuania 10444 Biržai
0%
Malta 9736 Birżebbuġa
0%
India 9558 Bisaria
0%
India 8636 Bisaul
0%
France 15412 Biscarrosse
0%
Italy 53534 Bisceglie
0%
France 18289 Bischheim
0%
Germany 13362 Bischofsheim
0%
France 12211 Bischwiller
0%
Saint Lucia 12980 Bisee
0%
India 8646 Bishamagiri
0%
India 13548 Bishenpur
0%
India 12063 Bishnāh
0%
India 67783 Bishnupur
0%
United Kingdom 14198 Bishops Cleeve
0%
United Kingdom 10284 Bishopstoke
0%
India 19760 Bishunpur
0%
India 11353 Bishunpur
0%
India 11095 Bishunpur
0%
India 9999 Bishunpur
0%
India 8712 Bishunpur
0%
India 16958 Bishunpura
0%
India 10950 Bishunpur Hakīmābād
0%
India 25773 Bishunpur Sundar
0%
Italy 9501 Bisignano
0%
Germany 9848 Bisingen
0%
Algeria 204661 Biskra
0%
Poland 10163 Biskupiec
0%
Philippines 99290 Bislig
0%
Turkey 118698 Bismil
0%
United Kingdom 20001 Bispham
0%
Belgium 15533 Bissegem
0%
Germany 15028 Bissendorf
0%
Guinea-Bissau 11964 Bissorã
0%
Guinea-Bissau 11964 Bissorã
0%
India 10863 Bistān
0%
India 17559 Bistāria
0%
Slovenia 235 Bistrica ob Sotli
0%
Romania 78877 Bistriţa
0%
India 55780 Biswān
0%
India 19145 Biswanath Chariali
0%
Gabon 27923 Bitam
0%
Italy 11767 Bitetto
0%
India 11704 Bithān
0%
India 23795 Bithar
0%
India 9667 Bithauli
0%
United States 10790 Bithlo
0%
Chad 18495 Bitkine
0%
Turkey 53023 Bitlis
0%
Italy 53168 Bitonto
0%
Italy 11315 Bitritto
0%
Germany 37894 Bitterfeld
0%
United Kingdom 9459 Bitton
0%
Burkina Faso 31210 Bittou
0%
Indonesia 218520 Bitung
0%
Brazil 15533 Bituruna
0%
Cameroon 34374 Biwong
0%
Egypt 17486 Biyahmū
0%
Egypt 231569 Biyalā
0%
Russia 183852 Biysk
0%
Japan 32019 Bizen
0%
Tunisia 162053 Bizerte
0%
Sweden 9542 Bjärred
0%
Croatia 36316 Bjelovar
0%
Serbia 11754 Blace
0%
Poland 9334 Blachownia
0%
Canada 10315 Blackfalds
0%
United States 14658 Black Forest
0%
United States 10404 Blackhawk
0%
United States 8867 Blacklick Estates
0%
Jamaica 4261 Black River
0%
Ireland 28557 Blackrock
0%
United States 9211 Blackstone
0%
United States 10220 Blackwells Mills
0%
Netherlands 20529 Bladel
0%
United States 9552 Bladensburg
0%
France 27314 Blagnac
0%
Russia 12715 Blagodarnyy
0%
Bulgaria 77441 Blagoevgrad
0%
Russia 239864 Blagoveshchensk
0%
Russia 35481 Blagoveshchensk
0%
Canada 59819 Blainville
0%
Romania 17816 Blaj
0%
United States 9276 Blanchard
0%
Indonesia 22850 Blangmangat
0%
Belgium 20349 Blankenberge
0%
Germany 19034 Blankenburg
0%
Germany 29159 Blankenfelde
0%
France 16786 Blanquefort
0%
Czechia 20185 Blansko
0%
Netherlands 11952 Blaricum
0%
Germany 12657 Blaubeuren
0%
United Kingdom 15155 Blaydon
0%
Slovenia 4929 Bled
0%
Belgium 13212 Blegny
0%
Germany 10151 Bleicherode
0%
Netherlands 27330 Blerick
0%
United Kingdom 37520 Bletchley
0%
Algeria 99200 Blida
0%
Algeria 14540 Blidet Amor
0%
Germany 20202 Blieskastel
0%
Mali 18207 Blindio
0%
Indonesia 132018 Blitar
0%
Togo 10915 Blitta
0%
Netherlands 23478 Bloemendaal
0%
South Africa 2339 Bloemhof
0%
France 47092 Blois
0%
Germany 15417 Blomberg
0%
Poland 12152 Błonie
0%
United States 52974 Bloomfield
0%
United States 18672 Blooming Grove
0%
United States 12906 Bloomsburg
0%
Austria 14956 Bludenz
0%
United States 13374 Blue Ash
0%
United States 23416 Blue Island
0%
United States 18168 Bluffdale
0%
Germany 10329 Blumberg
0%
United Kingdom 11514 Blundellsands
0%
United States 13026 Blytheville
0%
Vietnam 100820 Bỉm Sơn
0%
Morocco 18271 Bni Bouayach
0%
Morocco 13984 Bni Darkoul
0%
Morocco 19873 Bni Frassen
0%
Morocco 12092 Bni Khloug
0%
Morocco 13551 Bni Quolla
0%
Morocco 16539 Bni Rzine
0%
Morocco 8930 Bni Sidel
0%
Morocco 17557 Bni Tajjit
0%
Vietnam 124449 Bến Tre
0%
Philippines 57283 Boac
0%
Nicaragua 49839 Boaco
0%
Spain 62627 Boadilla del Monte
0%
Brazil 40219 Boa Esperança
0%
Brazil 13608 Boa Esperança
0%
Brazil 15018 Boa Esperança do Sul
0%
Central African Republic 9314 Boali
0%
Madagascar 10000 Boanamary
0%
Ghana 3348000 Boankra
0%
Brazil 13690 Boa Nova
0%
China 27155 Bo’ao
0%
Brazil 50411 Boa Viagem
0%
Brazil 16873 Boa Vista do Tupim
0%
Central African Republic 16486 Bobangui
0%
India 56819 Bobbili
0%
Germany 10157 Bobenheim-Roxheim
0%
France 55270 Bobigny
0%
India 9416 Bobil
0%
Germany 18022 Bobingen
0%
India 22528 Bobleshwar
0%
Philippines 25964 Bobon
0%
Botswana 21216 Bobonong
0%
Russia 20871 Bobrov
0%
Ukraine 10541 Bobrovytsia
0%
Ukraine 10396 Bobrynets
0%
Dominican Republic 142019 Boca Chica
0%
Brazil 21187 Boca da Mata
0%
Mexico 9947 Boca del Rio
0%
Brazil 35447 Bôca do Acre
0%
Brazil 11810 Bocaina
0%
Brazil 48032 Bocaiúva
0%
Brazil 9050 Bocaiúva do Sul
0%
Nicaragua 31762 Bocana de Paiwas
0%
Central African Republic 61190 Bocaranga
0%
Panama 12996 Bocas del Toro
0%
Colombia 32759 Bocas de Satinga
0%
Philippines 141412 Bocaue
0%
India 9628 Bochaha
0%
Mexico 14200 Bochil
0%
Poland 28692 Bochnia
0%
Germany 9785 Bockenem
0%
Germany 9019 Bockhorn
0%
Germany 20617 Bockum
0%
Angola 164685 Bocoio
0%
Venezuela 100240 Boconó
0%
Romania 12949 Bocşa
0%
India 13733 Bodagudipādu
0%
Russia 8921 Bodaybo
0%
India 9329 Boddikūrapādu
0%
Netherlands 17954 Bodegraven
0%
India 77573 Bodhan
0%
India 96901 Bodināyakkanūr
0%
India 10574 Bodippatti
0%
Ethiopia 67861 Bodītī
0%
Brazil 34478 Bodocó
0%
India 43692 Bodupāl
0%
Belgium 13372 Boechout
0%
Netherlands 10959 Boekel
0%
South Africa 9166 Boekenhouthoek
0%
Brazil 10879 Bofete
0%
Guinea 2332 Boffa
0%
Burkina Faso 21443 Bogandé
0%
Serbia 6488 Bogatić
0%
Poland 16647 Bogatynia
0%
Turkey 18791 Boğazlıyan
0%
North Macedonia 2951 Bogdanci
0%
Russia 29895 Bogdanovich
0%
Algeria 31263 Boghni
0%
Russia 29560 Bogoroditsk
0%
Russia 12300 Bogorodsk
0%
Ghana 50000 Bogoso
0%
Russia 18206 Bogotol
0%
North Macedonia 25 Bogovinje
0%
Bangladesh 400983 Bogra
0%
Russia 14370 Boguchar
0%
Poland 16538 Bogucice
0%
Mauritania 10415 Bogué
0%
Poland 14648 Boguszów-Gorce
0%
Jamaica 13889 Bog Walk
0%
India 13977 Boha
0%
Dominican Republic 9685 Bohechío
0%
United States 9306 Bohemia
0%
Benin 149271 Bohicon
0%
Slovenia 1767 Bohinjska Bistrica
0%
Germany 10586 Böhl-Iggelheim
0%
Germany 13019 Bohmte
0%
Ukraine 14624 Bohodukhiv
0%
Czechia 20519 Bohumín
0%
United States 12609 Boiling Springs
0%
Spain 18976 Boiro
0%
Canada 28308 Boisbriand
0%
France 29376 Bois-Colombes
0%
France 16225 Bois-d’Arcy
0%
Canada 10159 Bois-des-Filion
0%
France 14497 Bois-Guillaume
0%
France 17335 Boissy-Saint-Léger
0%
Brazil 62170 Boituva
0%
Germany 10881 Boizenburg
0%
Colombia 9256 Bojacá
0%
Serbia 11000 Bojnik
0%
Iran 228931 Bojnūrd
0%
Uzbekistan 22200 Bo‘ka
0%
India 11674 Bokākhāt
0%
India 48086 Bokāro
0%
India 563417 Bokaro Steel City
0%
Tajikistan 126700 Bokhtar
0%
Mali 16934 Boki-Wéré
0%
Philippines 14435 Bokod
0%
Kyrgyzstan 14267 Bökönbaev
0%
Chad 15517 Bokoro
0%
South Africa 260321 Boksburg
0%
Russia 15480 Boksitogorsk
0%
Azerbaijan 10000 Boladı
0%
Guinea-Bissau 5026 Bolama
0%
Spain 12067 Bolaños de Calatrava
0%
France 11618 Bolbec
0%
Vietnam 170920 Bảo Lộc
0%
Iran 11980 Boldājī
0%
Romania 10298 Boldeşti-Scăeni
0%
Ukraine 10259 Bolekhiv
0%
Poland 37559 Bolesławiec
0%
Ghana 66685 Bolgatanga
0%
Ukraine 14818 Bolhrad
0%
Philippines 83979 Bolinao
0%
Romania 12806 Bolintin Vale
0%
Serbia 15000 Boljevac
0%
Philippines 17525 Boljoon
0%
Italy 36204 Bollate
0%
France 13871 Bollène
0%
Sweden 12381 Bollnäs
0%
Spain 11251 Bollullos de la Mitación
0%
Spain 14359 Bollullos par del Condado
0%
Congo (Kinshasa) 31366 Bolobo
0%
Russia 20234 Bologoye
0%
Russia 9339 Bolokhovo
0%
Angola 13019 Bolongongo
0%
Congo (Brazzaville) 12244 Boloso
0%
India 80210 Bolpur
0%
Russia 10 Bol’sheretsk
0%
Russia 40448 Bol’shoy Kamen’
0%
United Kingdom 11673 Bolsover
0%
Netherlands 9974 Bolsward
0%
Poland 8808 Bolszewo
0%
Turkey 33443 Bolvadin
0%
India 9998 Bomareddipalli
0%
Haiti 36028 Bombardopolis
0%
Portugal 13193 Bombarral
0%
Brazil 25058 Bombinhas
0%
Philippines 17995 Bombon
0%
Brazil 42085 Bom Conselho
0%
Brazil 51737 Bom Despacho
0%
Brazil 37629 Bom Jardim
0%
Brazil 28102 Bom Jardim
0%
Brazil 28599 Bom Jesus
0%
Brazil 23958 Bom Jesus
0%
Brazil 15924 Bom Jesus
0%
Brazil 11202 Bom Jesus
0%
Brazil 65550 Bom Jesus da Lapa
0%
Brazil 9730 Bom Jesus da Serra
0%
Brazil 14536 Bom Jesus do Galho
0%
Brazil 35173 Bom Jesus do Itabapoana
0%
Brazil 9226 Bom Jesus do Norte
0%
Brazil 25985 Bom Jesus dos Perdões
0%
Norway 12132 Bømlo
0%
Brazil 12212 Bom Lugar
0%
India 8715 Bommagondanahalli
0%
India 10365 Bommārbettu
0%
India 8796 Bommayapālaiyam
0%
Italy 10167 Bomporto
0%
Brazil 9494 Bom Princípio
0%
Brazil 12649 Bom Repouso
0%
Brazil 12294 Bom Retiro do Sul
0%
Brazil 17151 Bom Sucesso
0%
Iran 75332 Bonāb
0%
United States 17302 Bon Air
0%
Nicaragua 18633 Bonanza
0%
Dominican Republic 125338 Bonao
0%
Italy 10356 Bonate di Sopra
0%
India 13205 Bondāda
0%
Italy 13738 Bondeno
0%
France 10833 Bondoufle
0%
Côte d’Ivoire 141568 Bondoukou
0%
France 9666 Bondues
0%
Germany 18239 Bönen
0%
Brazil 10296 Bonfinópolis
0%
Ethiopia 20858 Bonga
0%
Philippines 66839 Bongabon
0%
Philippines 76973 Bongabong
0%
India 67322 Bongaigaon
0%
Congo (Kinshasa) 4625 Bongandanga
0%
Philippines 116118 Bongao
0%
Australia 8162 Bongaree
0%
Chad 30518 Bongor
0%
Côte d’Ivoire 74281 Bongouanou
0%
Belgium 15078 Bonheiden
0%
United Kingdom 9050 Bonhill
0%
Philippines 34558 Bonifacio
0%
Brazil 13622 Boninal
0%
United States 13336 Bonita
0%
United States 445500 Bonita Springs
0%
Brazil 37474 Bonito
0%
Brazil 23659 Bonito
0%
Brazil 15844 Bonito
0%
Brazil 12622 Bonito
0%
Brazil 10252 Bonito de Santa Fé
0%
Honduras 28427 Bonito Oriental
0%
France 18340 Bonneuil-sur-Marne
0%
France 13320 Bonneville
0%
United States 22776 Bonney Lake
0%
South Africa 9092 Bonnievale
0%
Benin 44349 Bonou
0%
Côte d’Ivoire 23467 Bonoufla
0%
Indonesia 161413 Bontang
0%
Sierra Leone 10206 Bonthe
0%
Philippines 29799 Bontoc
0%
Philippines 24104 Bontoc
0%
Hungary 12031 Bonyhád
0%
Belgium 18555 Boom
0%
United States 9060 Booneville
0%
United States 8803 Boonton
0%
Somalia 275000 Boorama
0%
Belgium 12379 Boortmeerbeek
0%
Germany 11696 Bopfingen
0%
Liberia 2908 Bopolu
0%
Germany 15593 Boppard
0%
Brazil 17598 Boqueirão
0%
Brazil 24188 Boquim
0%
Brazil 21497 Boquira
0%
Kazakhstan 27188 Boralday
0%
Iran 155567 Borāzjān
0%
Brazil 28619 Borba
0%
Brazil 14226 Borborema
0%
Serbia 46086 Borča
0%
Turkey 11409 Borçka
0%
Brazil 17404 Borda da Mata
0%
United States 11898 Bordentown
0%
Australia 2840 Bordertown
0%
Italy 10160 Bordighera
0%
Algeria 168346 Bordj Bou Arreridj
0%
Algeria 20864 Bordj Bounaama
0%
Algeria 27900 Bordj el Bahri
0%
Algeria 151950 Bordj el Kiffan
0%
Algeria 23289 Bordj Ghdir
0%
Algeria 64820 Bordj Menaïel
0%
Algeria 9323 Bordj Mokhtar
0%
Algeria 10467 Bordj Okhriss
0%
Algeria 10296 Bordj Zemoura
0%
India 10235 Borgampād
0%
India 13519 Borgaon
0%
Iceland 2181 Borgarnes
0%
Italy 11773 Borgaro Torinese
0%
Germany 8673 Borgentreich
0%
United States 12398 Borger
0%
Belgium 45769 Borgerhout
0%
Germany 9252 Borgholzhausen
0%
Belgium 10697 Borgloon
0%
Haiti 46886 Borgne
0%
Italy 8761 Borgo a Buggiano
0%
San Marino 6871 Borgo Maggiore
0%
Italy 21188 Borgomanero
0%
Italy 8969 Borgoricco
0%
Italy 12510 Borgo San Dalmazzo
0%
Italy 18102 Borgo San Lorenzo
0%
Italy 9047 Borgosatollo
0%
Italy 12080 Borgosesia
0%
India 9844 Boriguma
0%
India 10124 Borim
0%
India 8939 Borio
0%
Russia 60687 Borisoglebsk
0%
Madagascar 22573 Boriziny
0%
Paraguay 9222 Borja
0%
Lebanon 61973 Borj el Qoblé
0%
Lebanon 150000 Borj Hammoud
0%
Georgia 11194 Borjomi
0%
Spain 22970 Bormujos
0%
Germany 20013 Borna
0%
India 9321 Borna
0%
Belgium 21353 Bornem
0%
Turkey 454470 Bornova
0%
Mali 32250 Boro
0%
Russia 15174 Borodino
0%
Ukraine 12535 Borodyanka
0%
Moldova 9562 Borogani
0%
Burkina Faso 20193 Boromo
0%
Philippines 71961 Borongan
0%
Russia 47883 Borovichi
0%
Slovenia 2674 Borovnica
0%
Russia 12686 Borovsk
0%
Kazakhstan 9434 Borovskoy
0%
Romania 27711 Borşa
0%
Belgium 10949 Borsbeek
0%
Ukraine 10632 Borshchiv
0%
Russia 8916 Borskoye
0%
Iran 57071 Borūjen
0%
Iran 234997 Borūjerd
0%
Iran 690000 Borvāyeh-ye Al Bū ‘Azīz
0%
Korea, South 101852 Boryeong
0%
Ukraine 32473 Boryslav
0%
Ukraine 64117 Boryspil
0%
Ukraine 9454 Borzna
0%
Russia 28888 Borzya
0%
Bosnia and Herzegovina 10196 Bosanska Krupa
0%
United Kingdom 20719 Boscombe
0%
Colombia 40562 Bosconia
0%
Italy 25939 Boscoreale
0%
Italy 9795 Boscotrecase
0%
Germany 8965 Bösel
0%
South Africa 8509 Boshof
0%
Iran 16426 Boshrūyeh
0%
Serbia 8000 Bosilegrad
0%
North Macedonia 1273 Bosilovo
0%
Netherlands 16325 Boskoop
0%
Czechia 12190 Boskovice
0%
Congo (Kinshasa) 16397 Bosobolo
0%
Central African Republic 7287 Bossembele
0%
Turkey 31714 Bostaniçi
0%
United States 16545 Bostonia
0%
India 130302 Botād
0%
Brazil 14828 Botelhos
0%
Bulgaria 20602 Botevgrad
0%
South Africa 46030 Bothaville
0%
United States 14487 Bothell East
0%
United States 21014 Bothell West
0%
Philippines 66739 Botolan
0%
Romania 90010 Botoşani
0%
China 573842 Botou
0%
United Kingdom 10684 Bottesford
0%
Italy 10703 Botticino Sera
0%
Brazil 139483 Botucatu
0%
Brazil 11024 Botuporã
0%
Morocco 9825 Bouabout
0%
Morocco 11564 Bou Adel
0%
Côte d’Ivoire 213967 Bouaflé
0%
Algeria 8635 Bouaiche
0%
Benin 19281 Bouanri
0%
Congo (Brazzaville) 26265 Bouansa
0%
Central African Republic 40353 Bouar
0%
Tunisia 13170 Bou Arada
0%
Morocco 30068 Bou Arfa
0%
Tunisia 12312 Bou Arkoub
0%
Morocco 16329 Bouarouss
0%
Algeria 8823 Bouati Mahmoud
0%
Central African Republic 12280 Bouca
0%
Haiti 48700 Boucan Carré
0%
France 8934 Boucau
0%
France 15367 Bouc-Bel-Air
0%
Morocco 13767 Bouchabel
0%
Algeria 10800 Bouchagroun
0%
Algeria 14979 Bouchegouf
0%
Canada 41743 Boucherville
0%
Morocco 13411 Boudenib
0%
Morocco 10418 Bouderbala
0%
Morocco 14722 Bou Djeniba
0%
Algeria 15628 Boudjima
0%
Algeria 56398 Boudouaou
0%
Algeria 10512 Boudouaou el Bahri
0%
Algeria 57162 Boufarik
0%
Algeria 9906 Boufatis
0%
Morocco 16892 Bou Fekrane
0%
Algeria 31922 Bougaa
0%
Portugal 21585 Bougado
0%
Algeria 38352 Bougara
0%
Mali 10251 Bougaribaya
0%
France 9083 Bougival
0%
Benin 9505 Bougou
0%
Mali 10780 Bougoula
0%
Mali 59679 Bougouni
0%
Algeria 18568 Bougtob
0%
France 20590 Bouguenais
0%
Algeria 26954 Bouguirat
0%
Algeria 14094 Bougzoul
0%
Algeria 16385 Bou Hadjar
0%
Algeria 16953 Bou Hanifia el Hamamat
0%
Morocco 8510 Bouhlou
0%
Algeria 10614 Bouhmama
0%
Morocco 18036 Bou Izakarn
0%
Morocco 33321 Boujad
0%
Morocco 9624 Boujediane
0%
Benin 27906 Bouka
0%
Algeria 51340 Boukadir
0%
Algeria 10701 Bou Khadra
0%
Algeria 8766 Boukhralfa
0%
Morocco 43598 Bouknadel
0%
Benin 83147 Boukoumbé
0%
Morocco 14740 Boula’wane
0%
United States 9127 Boulder Hill
0%
Burkina Faso 24200 Boulsa
0%
United Kingdom 11258 Boultham
0%
Algeria 15273 Boumahra Ahmed
0%
Morocco 12328 Boumalne
0%
Tunisia 11829 Bou Merdès
0%
Algeria 41685 Boumerdes
0%
Morocco 21713 Boumia
0%
Côte d’Ivoire 94883 Bouna
0%
Morocco 8932 Bounaamane
0%
Morocco 10035 Bou’nane
0%
United States 12023 Bound Brook
0%
Côte d’Ivoire 92792 Boundiali
0%
Congo (Brazzaville) 9970 Boundji
0%
Algeria 9731 Bou Nouh
0%
Algeria 35405 Bou Noura
0%
Mali 22735 Boura
0%
United States 18109 Bourbonnais
0%
Morocco 24823 Bourdoud
0%
Morocco 24743 Boureït
0%
Mali 27486 Bourem
0%
Mali 30000 Bourèm Guindou
0%
Mali 12336 Bourem Inali
0%
France 9777 Bourg-de-Péage
0%
France 42065 Bourg-en-Bresse
0%
France 21140 Bourg-la-Reine
0%
France 19872 Bourg-lès-Valence
0%
France 29816 Bourgoin-Jallieu
0%
Algeria 22118 Bourkika
0%
United Kingdom 25938 Bournville
0%
Burkina Faso 27213 Bourzanga
0%
Algeria 111787 Bou Saada
0%
Tunisia 14571 Bou Salem
0%
Algeria 13450 Bou Sfer
0%
Algeria 13302 Bouskene
0%
Morocco 200359 Bouskoura
0%
Chad 14286 Bousso
0%
Belgium 19856 Boussu
0%
Mauritania 14142 Boutilimit
0%
Algeria 22590 Bouzeghaia
0%
Morocco 10100 Bou Zemou
0%
Algeria 13383 Bouzina
0%
Morocco 21327 Bouznika
0%
Italy 8644 Bovalino Marina
0%
Slovenia 1586 Bovec
0%
Germany 14095 Bovenden
0%
Italy 9615 Boves
0%
Italy 16752 Bovisio Masciago
0%
Italy 16106 Bovolone
0%
United Kingdom 9228 Bowdon
0%
Canada 56742 Bowmanville
0%
Australia 10335 Bowral
0%
India 51087 Bowringpet
0%
United Kingdom 9584 Boxley
0%
Netherlands 29065 Boxmeer
0%
Netherlands 32973 Boxtel
0%
Turkey 29093 Boyabat
0%
Russia 35968 Boyarka
0%
Ukraine 34394 Boyarka
0%
Uzbekistan 13800 Boyovut
0%
Uzbekistan 27600 Boysun
0%
Turkey 32607 Bozdoğan
0%
Turkey 25307 Bozkır
0%
Turkey 12331 Bozkurt
0%
Iran 29751 Bozmargī
0%
Central African Republic 20665 Bozoum
0%
Turkey 52680 Bozova
0%
Turkey 71806 Bozüyük
0%
Turkey 26812 Bozyazı
0%
Italy 18380 Bracciano
0%
Canada 16010 Bracebridge
0%
Germany 16795 Brackenheim
0%
United Kingdom 13018 Brackley
0%
Brazil 33773 Braço do Norte
0%
Montserrat 391 Brades
0%
United Kingdom 10406 Bradford-on-Avon
0%
United States 19548 Bradfordville
0%
Canada 42880 Bradford West Gwillimbury
0%
United States 15331 Bradley
0%
United States 14315 Bradley Gardens
0%
United Kingdom 9662 Bradwell
0%
Romania 40080 Bragadiru
0%
Argentina 33222 Bragado
0%
Brazil 160665 Bragança Paulista
0%
India 15937 Brahmadesam
0%
India 14000 Brahmānandapuram
0%
India 28324 Brāhmana Periya Agrahāram
0%
Bangladesh 268279 Brāhmanbāria
0%
Bangladesh 204691 Brahmanpara
0%
India 355823 Brahmapur
0%
Belgium 39837 Braine-l’Alleud
0%
Belgium 10447 Braine-le-Château
0%
Belgium 22290 Braine-le-Comte
0%
United States 14474 Brainerd
0%
India 101585 Brājarājnagar
0%
Germany 16310 Brakel
0%
South Africa 73080 Brakpan
0%
United States 23999 Brambleton
0%
India 11239 Bramhabarada
0%
United Kingdom 17195 Bramhall
0%
India 36025 Bramhapuri
0%
Germany 31801 Bramsche
0%
United States 14948 Branchburg
0%
Germany 8908 Brand-Erbisdorf
0%
United States 13938 Brandermill
0%
South Africa 3143 Brandfort
0%
Germany 9689 Brandis
0%
Italy 8680 Brandizzo
0%
Argentina 30026 Brandsen
0%
Czechia 20073 Brandýs nad Labem-Stará Boleslav
0%
United States 10989 Brandywine
0%
Poland 16480 Braniewo
0%
Brazil 9603 Branquinha
0%
United Kingdom 8792 Branston
0%
United States 14139 Braselton
0%
Brazil 15020 Brasilândia
0%
Brazil 26000 Brasiléia
0%
Brazil 32025 Brasília de Minas
0%
Brazil 24718 Brasil Novo
0%
Belarus 9419 Braslaw
0%
Slovenia 378 Braslovče
0%
Brazil 17004 Brasnorte
0%
Belgium 38223 Brasschaat
0%
Bulgaria 10855 Bratsigovo
0%
United States 12152 Brattleboro
0%
Bosnia and Herzegovina 20340 Bratunac
0%
Austria 17095 Braunau am Inn
0%
Germany 10413 Braunsbedra
0%
United Kingdom 16850 Braunstone
0%
Brazil 14246 Brazópolis
0%
Bosnia and Herzegovina 39893 Brčko
0%
Croatia 10737 Brdovec
0%
Romania 14871 Breaza
0%
Belgium 29454 Brecht
0%
Germany 9120 Breckerfeld
0%
United States 13656 Brecksville
0%
Czechia 24863 Břeclav
0%
South Africa 15524 Bredasdorp
0%
United Kingdom 17040 Bredbury
0%
Belgium 17828 Bredene
0%
Germany 16007 Breisach am Rhein
0%
Brazil 9079 Brejão
0%
Brazil 11687 Brejetuba
0%
Brazil 12202 Brejinho
0%
Brazil 34120 Brejo
0%
Brazil 38109 Brejo da Madre de Deus
0%
Brazil 13613 Brejo do Cruz
0%
Brazil 12943 Brejões
0%
Brazil 51090 Brejo Santo
0%
Italy 8557 Brembate
0%
Switzerland 8613 Bremgarten
0%
Spain 12883 Brenes
0%
United States 18086 Brenham
0%
Italy 22816 Bressanone
0%
Italy 26001 Bresso
0%
France 19860 Bressuire
0%
France 26658 Brétigny-sur-Orge
0%
Germany 30136 Bretten
0%
Germany 12645 Bretzfeld
0%
France 9023 Breuillet
0%
Netherlands 14736 Breukelen
0%
Brazil 103497 Breves
0%
Sweden 8772 Brevik
0%
Czechia 25756 Břevnov
0%
United States 9654 Brewer
0%
United States 10367 Brewster
0%
South Africa 14347 Breyten
0%
Bosnia and Herzegovina 14564 Breza
0%
Slovenia 6843 Brežice
0%
Slovakia 19790 Brezno
0%
Slovenia 3221 Brezovica
0%
Ukraine 44760 Brianka
0%
Moldova 5900 Briceni
0%
Colombia 8673 Briceño
0%
United States 9549 Bridge City
0%
United States 16721 Bridgeview
0%
United Kingdom 11853 Bridgnorth
0%
United Kingdom 38310 Bridgwater
0%
France 18999 Brie-Comte-Robert
0%
Netherlands 17439 Brielle
0%
United Kingdom 9472 Brierfield
0%
United Kingdom 13935 Brierley Hill
0%
Germany 13204 Brieselang
0%
Switzerland 13109 Brig-Glis
0%
United Kingdom 32360 Brighouse
0%
United Kingdom 8680 Brightlingsea
0%
France 12330 Brignais
0%
France 17846 Brignoles
0%
Gambia, The 10343 Brikama Ba
0%
Morocco 8777 Brikcha
0%
Germany 25624 Brilon
0%
United Kingdom 8939 Brimington
0%
Benin 14751 Briniamaro
0%
Argentina 9890 Brinkmann
0%
United Kingdom 11511 Brislington
0%
South Africa 53511 Brits
0%
France 46769 Brive-la-Gaillarde
0%
United States 14673 Broadlands
0%
United Kingdom 24903 Broadstairs
0%
United Kingdom 10289 Broadstone
0%
United States 19768 Broadview Heights
0%
United Kingdom 9373 Broadwater
0%
United States 13400 Brock Hall
0%
Canada 22293 Brockville
0%
United Kingdom 9205 Brockworth
0%
Bosnia and Herzegovina 16619 Brod
0%
Poland 28865 Brodnica
0%
Brazil 25201 Brodósqui
0%
Denmark 12842 Brødslev
0%
Ukraine 23134 Brody
0%
Côte d’Ivoire 15842 Brofodoumé
0%
Suriname 2480 Brokopondo
0%
United Kingdom 14850 Bromborough
0%
Canada 11357 Bromont
0%
United Kingdom 29237 Bromsgrove
0%
Denmark 12884 Brønderslev
0%
Italy 9635 Broni
0%
Italy 18220 Bronte
0%
United States 10044 Brookdale
0%
Philippines 73994 Brookes Point
0%
United States 41592 Brookfield
0%
United States 19235 Brookfield
0%
United States 18359 Brook Park
0%
United States 15262 Brookside
0%
United States 9235 Brooksville
0%
United States 10684 Broomall
0%
Brazil 23898 Brotas
0%
Brazil 11765 Brotas de Macaúbas
0%
United Kingdom 10449 Broughton
0%
United Kingdom 8940 Broughton Astley
0%
United States 13791 Broussard
0%
Ukraine 109806 Brovary
0%
United Kingdom 21232 Brownhills
0%
United States 30310 Brownsburg
0%
United States 9561 Browns Mills
0%
Suriname 4793 Brownsweg
0%
United States 18805 Brownwood
0%
United Kingdom 15303 Broxbourne
0%
France 11584 Bruay-sur-l’Escaut
0%
Germany 9270 Bruchhausen-Vilsen
0%
Germany 20894 Bruchköbel
0%
Germany 47014 Bruchsal
0%
Austria 15837 Bruck an der Mur
0%
Germany 16984 Bruckmühl
0%
Germany 16178 Brüggen
0%
Italy 34999 Brugherio
0%
Italy 9229 Brugnera
0%
Germany 45515 Brühl
0%
Germany 14238 Brühl
0%
Brazil 38915 Brumadinho
0%
Brazil 70268 Brumado
0%
France 10369 Brumath
0%
Netherlands 20884 Brummen
0%
Norway 11019 Brumunddal
0%
Spain 10845 Brunete
0%
Italy 16978 Brunico
0%
Austria 11864 Brunn am Gebirge
0%
France 25792 Brunoy
0%
Germany 12651 Brunsbüttel
0%
Netherlands 27670 Brunssum
0%
Czechia 15244 Bruntál
0%
Italy 15877 Brusciano
0%
United States 20953 Brushy Creek
0%
Honduras 12720 Brus Laguna
0%
Brazil 141385 Brusque
0%
France 19667 Bruz
0%
North Macedonia 449 Brvenica
0%
Poland 14448 Brwinów
0%
United States 9174 Bryans Road
0%
United Kingdom 11662 Bryn
0%
Norway 12465 Bryne
0%
United States 17577 Bryn Mawr-Skyway
0%
France 18095 Bry-sur-Marne
0%
Poland 34492 Brzeg
0%
Poland 12765 Brzeg Dolny
0%
Poland 16193 Brzesko
0%
Poland 11049 Brzeszcze
0%
Poland 12117 Brzeziny
0%
Lebanon 12000 Bteghrîne
0%
Somalia 115000 Bu’aale
0%
Panama 420 Buabidi
0%
Philippines 18046 Buadiposo-Buntong
0%
Solomon Islands 2813 Buala
0%
Thailand 14168 Bua Yai
0%
Guinea-Bissau 7898 Buba
0%
Burundi 20031 Bubanza
0%
Philippines 26514 Bubong
0%
Tanzania 15666 Bububu
0%
Turkey 45865 Bucak
0%
Philippines 17953 Bucay
0%
Ukraine 12171 Buchach
0%
Germany 18203 Buchen in Odenwald
0%
Korea, South 772450 Bucheon
0%
India 11184 Bucheya
0%
Germany 41290 Buchholz in der Nordheide
0%
India 38405 Buchireddipālem
0%
Germany 14119 Buchloe
0%
Switzerland 12612 Buchs
0%
Albania 15687 Buçimas
0%
Italy 9929 Bucine
0%
Germany 19754 Bückeburg
0%
United States 20447 Buckhall
0%
United Kingdom 11380 Buckhurst Hill
0%
United Kingdom 15665 Buckley
0%
United Kingdom 8572 Bucksburn
0%
Angola 32792 Buco Zau
0%
Taiwan 25267 Budai
0%
Uganda 29100 Budaka
0%
Uganda 30000 Budaka
0%
Hungary 12061 Budakalász
0%
Belarus 8581 Buda-Kashalyova
0%
Hungary 15862 Budakeszi
0%
India 9420 Būdalūr
0%
India 8755 Būdamangalam
0%
Hungary 29398 Budaörs
0%
India 159221 Budaun
0%
India 26191 Buddayyakota
0%
India 40731 Buddh Gaya
0%
United States 10106 Budd Lake
0%
Germany 10470 Büdelsdorf
0%
Germany 8669 Budenheim
0%
Russia 56488 Budënnovsk
0%
Australia 58956 Buderim
0%
Nepal 179688 Buḍhānilkanṭha
0%
India 11524 Budha Thēh
0%
India 26172 Budhlāda
0%
India 9176 Budhma
0%
India 18204 Budhni
0%
India 11200 Būdili
0%
Germany 22607 Büdingen
0%
India 19661 Būdipuram
0%
Italy 18226 Budrio
0%
Uganda 8700 Bududa
0%
Montenegro 17479 Budva
0%
India 10000 Budwan
0%
United States 32310 Buenaventura Lakes
0%
Mexico 47498 Buena Vista Tomatlán
0%
Thailand 20103 Bueng Kan
0%
Thailand 10245 Bueng Khong Long
0%
Brazil 10911 Bueno Brandão
0%
Brazil 9150 Buenópolis
0%
Brazil 14804 Buerarema
0%
Colombia 26229 Buesaco
0%
Cuba 30573 Buey Arriba
0%
United States 42824 Buffalo Grove
0%
South Africa 12703 Buffelshoek
0%
United States 17611 Buford
0%
Romania 20577 Buftea
0%
Colombia 20970 Bugalagrande
0%
Philippines 74962 Bugallon
0%
Rwanda 40276 Bugarama
0%
Philippines 34676 Bugasong
0%
Turkey 150714 Buğdaylı
0%
Uganda 33100 Bugembe
0%
India 15416 Buggānipalle
0%
Belgium 14475 Buggenhout
0%
Philippines 26658 Bugho
0%
Uganda 36000 Bugiri
0%
Bosnia and Herzegovina 36750 Bugojno
0%
Uganda 11547 Bugongi
0%
Russia 300 Bugrino
0%
India 17499 Buguda
0%
Philippines 32148 Buguey
0%
China 13266 Bugugoucun
0%
Philippines 44877 Buguias
0%
Russia 79545 Bugulma
0%
Russia 5400 Buguruslan
0%
Turkey 13022 Buharkent
0%
Philippines 81306 Buhi
0%
Iraq 35400 Buhriz
0%
Romania 14152 Buhuşi
0%
Uganda 18500 Buikwe
0%
Chile 96614 Buin
0%
Russia 19968 Buinsk
0%
Brazil 52097 Buíque
0%
Serbia 41068 Bujanovac
0%
Brazil 12917 Bujari
0%
Brazil 29427 Bujaru
0%
China 21827 Bujie
0%
Russia 3372 Bukachacha
0%
Congo (Kinshasa) 42718 Bukama
0%
Iran 193501 Būkān
0%
Uganda 13900 Bukedea
0%
Malaysia 40000 Bukit Gambir
0%
Malaysia 210000 Bukit Mertajam
0%
Indonesia 113326 Bukittinggi
0%
India 12196 Bukkapatnam
0%
India 22000 Bukkarāyasamudram
0%
Tanzania 144938 Bukoba
0%
Uganda 10000 Bukomansimbi
0%
Poland 9791 Bukowno
0%
Uganda 19033 Bukungu
0%
Uganda 10000 Bukwo
0%
Angola 13454 Bula Atumba
0%
Philippines 81232 Bulacan
0%
Switzerland 20046 Bülach
0%
Kazakhstan 8433 Būlaevo
0%
Philippines 44366 Bulalacao
0%
Uganda 12000 Bulambuli
0%
Philippines 105190 Bulan
0%
Turkey 49053 Bulancak
0%
India 235310 Bulandshahr
0%
Turkey 27427 Bulanık
0%
Azerbaijan 17105 Bülbülə
0%
Turkey 26630 Buldan
0%
Philippines 39684 Buldon
0%
Mongolia 12323 Bulgan
0%
Philippines 13341 Buli
0%
China 36526 Bulicun
0%
Uganda 9500 Bulisa
0%
Spain 11793 Bullas
0%
United States 42193 Bullhead City
0%
United States 9465 Bull Mountain
0%
United States 16688 Bull Run
0%
France 12172 Bully-les-Mines
0%
Chile 20595 Bulnes
0%
Papua New Guinea 20000 Bulolo
0%
Vietnam 31861 Bửu Long
0%
Uzbekistan 32200 Buloqboshi
0%
South Africa 23365 Bultfontein
0%
Philippines 57406 Buluan
0%
Congo (Kinshasa) 1192 Buluko
0%
Congo (Kinshasa) 57168 Bulungu
0%
Uzbekistan 29200 Bulung’ur Shahri
0%
Philippines 23932 Bulusan
0%
United Kingdom 29771 Bulwell
0%
Iran 79034 Būmahen
0%
Sierra Leone 16123 Bumpe
0%
Philippines 47512 Bunawan
0%
India 13192 Bundāla
0%
India 8569 Bundāla
0%
Germany 45891 Bünde
0%
India 8778 Bundehra
0%
India 103286 Būndi
0%
Uganda 22300 Bundibugyo
0%
India 24445 Būndu
0%
Indonesia 25477 Bungku
0%
Kenya 55857 Bungoma
0%
Japan 33066 Bungoōno
0%
Japan 21901 Bungotakada
0%
Ukraine 13495 Bunhe
0%
Pakistan 10000 Bunji
0%
Sweden 15212 Bunkeflostrand
0%
Japan 240069 Bunkyō-ku
0%
Netherlands 15341 Bunnik
0%
Spain 9765 Buñol
0%
Indonesia 16774 Buntok
0%
Turkey 29704 Bünyan
0%
Vietnam 127920 Buôn Hồ
0%
Vietnam 340000 Buôn Ma Thuột
0%
Vietnam 23863 Buôn Trấp
0%
Uganda 8000 Bupoto
0%
Somalia 60000 Buqda Caqable
0%
Somalia 12000 Buqkoosaar
0%
Somalia 10480 Buraan
0%
India 11455 Burām
0%
Philippines 52511 Burauen
0%
Saudi Arabia 467410 Buraydah
0%
Russia 9522 Burayevo
0%
Germany 15217 Burbach
0%
United Kingdom 16508 Burbage
0%
Uzbekistan 16600 Burbaliq
0%
Philippines 24644 Burdeos
0%
Turkey 95436 Burdur
0%
Ethiopia 25084 Burē
0%
Spain 9547 Burela de Cabo
0%
France 9481 Bures-sur-Yvette
0%
Egypt 70417 Būr Fu’ād
0%
Germany 31302 Burgdorf
0%
Switzerland 16420 Burgdorf
0%
Germany 11008 Burgkirchen an der Alz
0%
Germany 14527 Burglengenfeld
0%
Germany 11860 Burgthann
0%
Netherlands 10058 Burgum
0%
Turkey 64283 Burhaniye
0%
India 210891 Burhānpur
0%
India 23395 Burhar
0%
India 10457 Burhia Dhanghatta
0%
Thailand 23364 Buri Ram
0%
Brazil 16583 Buritama
0%
Brazil 29685 Buriti
0%
Brazil 10495 Buriti Alegre
0%
Brazil 22455 Buriti Bravo
0%
Brazil 19654 Buriti dos Lopes
0%
Brazil 10307 Buriti do Tocantins
0%
Brazil 19589 Buritirama
0%
Brazil 12918 Buritirama
0%
Brazil 20396 Buritis
0%
Brazil 23910 Buritizeiro
0%
Egypt 12625 Burj al ‘Arab
0%
Spain 40634 Burjasot
0%
United States 11012 Burkburnett
0%
United States 17447 Burke Centre
0%
India 51749 Burla
0%
Germany 12263 Burladingen
0%
United States 50981 Burleson
0%
United Kingdom 12519 Burnham
0%
United Kingdom 8852 Burnham on Crouch
0%
United Kingdom 19576 Burnham-on-Sea
0%
United Kingdom 26713 Burntwood
0%
Spain 36927 Burriana
0%
United States 16243 Burrillville
0%
United States 11119 Burr Ridge
0%
Germany 19005 Burscheid
0%
United Kingdom 9935 Burscough
0%
Ukraine 14737 Burshtyn
0%
United Kingdom 11314 Burslem
0%
Germany 16980 Bürstadt
0%
United Kingdom 10440 Burton Latimer
0%
United States 10063 Burtonsville
0%
United Kingdom 75074 Burton upon Trent
0%
United Kingdom 11265 Burtonwood
0%
Philippines 19357 Buruanga
0%
Kazakhstan 336 Burubaytal
0%
Burundi 4478 Bururi
0%
Nigeria 209666 Burutu
0%
Argentina 98859 Burzaco
0%
Somalia 45533 Busaar
0%
Jordan 10587 Buşayrā
0%
Italy 10144 Busca
0%
Uganda 14431 Busembatia
0%
Uganda 9000 Busesa
0%
Uganda 43700 Bushenyi
0%
United Kingdom 28416 Bushey
0%
United States 8573 Bushkill
0%
Uganda 64900 Busia
0%
Kenya 30777 Busia
0%
Congo (Kinshasa) 32584 Businga
0%
Ukraine 8662 Busk
0%
Poland 15014 Busko-Zdrój
0%
Rwanda 28264 Busogo
0%
Uganda 16800 Busolwe
0%
Bosnia and Herzegovina 18488 Busovača
0%
Syria 13315 Buşrá al Ḩarīr
0%
Syria 19683 Buşrá ash Shām
0%
Italy 20684 Bussolengo
0%
Netherlands 32410 Bussum
0%
Switzerland 8736 Bussy
0%
France 26334 Bussy-Saint-Georges
0%
Italy 82951 Busto Arsizio
0%
Italy 14003 Busto Garolfo
0%
Tajikistan 15500 Bŭston
0%
Philippines 77199 Bustos
0%
Philippines 25617 Busuanga
0%
Gambia, The 11189 Busumbala
0%
Ethiopia 33406 Butajīra
0%
Uganda 3873 Butalangu
0%
Uganda 24000 Butaleja
0%
Rwanda 19937 Butare
0%
Uganda 8000 Butebo
0%
Uganda 7000 Butemba
0%
Congo (Kinshasa) 154621 Butembo
0%
Lesotho 10000 Butha-Buthe
0%
Burma 55545 Buthidaung
0%
Brazil 19084 Butiá
0%
Tanzania 15383 Butiama
0%
Philippines 22768 Butig
0%
India 13269 Buttar
0%
India 10519 Buttar Khurd
0%
India 12394 Buttāyagūdem
0%
Germany 15068 Büttelborn
0%
Malaysia 80378 Butterworth
0%
Philippines 372910 Butuan
0%
Russia 24397 Buturlinovka
0%
Nepal 118462 Butwāl
0%
Germany 27528 Butzbach
0%
Philippines 38425 Buug
0%
Somalia 11373 Buuhoodle
0%
Somalia 300 Buur Gaabo
0%
Somalia 360795 Buurhakaba
0%
Tajikistan 8723 Buved
0%
Uganda 16000 Buwama
0%
Uganda 24200 Buwenge
0%
India 102861 Buxar
0%
France 10253 Buxerolles
0%
Taiwan 33816 Buxin
0%
Uganda 23039 Buyende
0%
Russia 69554 Buynaksk
0%
Turkey 150714 Büyük Çakırman
0%
Turkey 277181 Büyükçekmece
0%
Turkey 8940 Büyükorhan
0%
Romania 103481 Buzău
0%
Japan 24369 Buzen
0%
Kyrgyzstan 11400 Buzhum
0%
Azerbaijan 31500 Buzovna
0%
Russia 88341 Buzuluk
0%
Zambia 118464 Bwana Mkubwa
0%
India 33875 Byādgi
0%
India 14097 Byāhatti
0%
Bulgaria 22716 Byala Slatina
0%
Belarus 9670 Byalynichy
0%
Belarus 28376 Byaroza
0%
Belarus 9521 Byarozawka
0%
Belarus 10984 Byelaazyorsk
0%
Belarus 11366 Byerazino
0%
Belarus 16349 Bykhaw
0%
Czechia 24655 Bystrc
0%
Poland 9414 Bystrzyca Kłodzka
0%
Slovakia 11535 Bytča
0%
Poland 16739 Bytów
0%
Rwanda 36401 Byumba
0%
Armenia 9513 Byureghavan
0%
No matching quizzes found
Score Distribution
Percent of People with Each Score
Percentile by Number Answered
Your Score History
You have not taken this quiz since the last reset